Wszystkie przystanki WTP Warszawa - Statystyki

Ogólne statystyki
  • Ten quiz został rozwiązany 299 razy
    288 od ostatniego zresetowania
  • Średni wynik to 643 z 5612
Statystyki odpowiedzi
Lp. NAZWA PRZYSTANKU % Poprawnych
491 | 492 | 493 | +6 others CENTRUM
83%
887 | 888 | 889 | +21 others DW.CENTRALNY
63%
2382 | 2383 | 2384 | +13 others METRO MŁOCINY
59%
2416 | 2417 | 2418 | +6 others METRO POLITECHNIKA
59%
4120 | 4121 | 4122 | +3 others RONDO ONZ
56%
1161 | 1162 | 1163 | +6 others GOCŁAW
55%
2361 | 2362 | 2363 METRO KABATY
55%
5134 | 5135 | 5136 | +13 others WIATRACZNA
50%
2442 | 2443 | 2444 METRO STADION NARODOWY
49%
2455 | 2456 | 2457 | +3 others METRO ŚWIĘTOKRZYSKA
49%
938 | 939 | 940 | +4 others DW.ZACHODNI
48%
4111 | 4112 | 4113 | +2 others RONDO DASZYŃSKIEGO
48%
925 | 926 | 927 | +7 others DW.WSCHODNI (KIJOWSKA)
47%
2349 | 2350 | 2351 | +2 others METRO BRÓDNO
45%
1291 | 1292 | 1293 | +4 others GUS
44%
2344 | 2345 | 2346 | +2 others METRO BEMOWO
44%
1170 | 1171 | 1172 | +3 others GOCŁAWEK
43%
2370 | 2371 | 2372 | +9 others METRO MARYMONT
43%
2409 | 2410 | 2411 | +4 others METRO POLE MOKOTOWSKIE
43%
2427 | 2428 | 2429 | +3 others METRO RATUSZ ARSENAŁ
43%
915 | 916 | 917 | +7 others DW.WILEŃSKI
42%
2358 | 2359 | 2360 METRO IMIELIN
42%
2826 | 2827 NOWY ŚWIAT
42%
649 | 650 | 651 | +8 others CMENTARZ
41%
1764 | 1765 | 1766 | +6 others KOŁO
41%
2118 LOTNISKO CHOPINA
41%
2480 | 2481 | 2482 | +8 others METRO WILANOWSKA
41%
4537 | 4538 STARE MIASTO
41%
5568 | 5569 | 5570 | +8 others ŻERAŃ FSO
41%
179 | 180 | 181 | +4 others BANACHA
40%
935 | 936 | 937 DW.WSCHODNI (LUBELSKA)
40%
1668 | 1669 | 1670 | +6 others KINO FEMINA
40%
2364 | 2365 | 2366 METRO KONDRATOWICZA
40%
5197 | 5198 | 5199 | +6 others WILANÓW
40%
637 | 638 | 639 | +5 others CM.WOLSKI
38%
2440 | 2441 METRO SŁUŻEW
38%
2472 | 2473 METRO WAWRZYSZEW
38%
3040 | 3041 | 3042 | +10 others OS.GÓRCZEWSKA
38%
2463 | 2464 | 2465 METRO TROCKA
37%
4821 | 4822 | 4823 | +4 others TARCHOMIN
37%
911 | 912 | 913 | 914 DW.GDAŃSKI
36%
1858 | 1859 | 1860 | 1861 KOSZYKOWA
36%
2400 | 2401 | 2402 METRO NATOLIN
36%
2445 | 2446 | 2447 | 2448 METRO STARE BIELANY
36%
3471 | 3472 PKP WOLA
36%
3552 | 3553 | 3554 | +4 others PL.KONSTYTUCJI
36%
3612 | 3613 | 3614 | +8 others PL.WILSONA
36%
3496 | 3497 | 3498 | +7 others PL ZAWISZY
36%
3625 | 3626 | 3627 | +12 others PL.ZAWISZY
36%
108 | 109 | 110 ANNOPOL
35%
1658 | 1659 | 1660 | +4 others KIJOWSKA
35%
2433 | 2434 | 2435 | +4 others METRO SŁODOWIEC
35%
2609 | 2610 | 2611 | +3 others MOST PONIATOWSKIEGO
35%
3351 | 3352 | 3353 | +3 others PKP FALENICA
35%
4101 | 4102 | 4103 | +7 others RONDO "RADOSŁAWA"
35%
164 | 165 | 166 | +2 others AWF
34%
1937 | 1938 | 1939 KRUCZA
34%
2403 | 2404 | 2405 | +3 others METRO PŁOCKA
34%
2466 | 2467 METRO ULRYCHÓW
34%
2651 | 2652 | 2653 | 2654 MUZEUM NARODOWE
34%
3345 | 3346 | 3347 | 3348 PKP ANIN
34%
4896 | 4897 | 4898 | +4 others TORWAR
34%
300 | 301 | 302 | +4 others BITWY WARSZAWSKIEJ 1920
33%
2367 | 2368 | 2369 METRO KSIĘCIA JANUSZA
33%
2398 | 2399 METRO MŁYNÓW
33%
2474 | 2475 | 2476 | +3 others METRO WIERZBNO
33%
3439 PKP SŁUŻEWIEC
33%
3445 | 3446 | 3447 | +6 others PKP URSUS
33%
4522 STARA
33%
2294 | 2295 MARSZAŁKOWSKA
32%
4145 | 4146 | 4147 | +6 others RONDO WASZYNGTONA
32%
4305 | 4306 | 4307 | 4308 SASKA
32%
5347 | 5348 | 5349 | +3 others WSPÓLNA
32%
2121 | 2122 | 2123 | +2 others LUBELSKA
31%
2425 | 2426 METRO RACŁAWICKA
31%
2449 | 2450 | 2451 | 2452 METRO STOKŁOSY
31%
2461 | 2462 METRO TARGÓWEK MIESZKANIOWY
31%
2468 | 2469 | 2470 | 2471 METRO URSYNÓW
31%
3569 | 3570 | 3571 | +2 others PL.NARUTOWICZA
31%
4004 | 4005 | 4006 RAKOWIEC
31%
13 | 14 | 15 | +4 others 3 MAJA
30%
2354 | 2355 | 2356 | 2357 METRO CENTRUM NAUKI KOPERNIK
30%
2603 | 2604 | 2605 | 2606 MOST GDAŃSKI
30%
2815 | 2816 | 2817 | +3 others NOWOWIEJSKA
30%
2987 | 2988 | 2989 | +3 others ORLA
30%
3403 | 3404 | 3405 | 3406 PKP OLSZYNKA GROCHOWSKA
30%
3562 | 3563 | 3564 | +4 others PL.NA ROZDROŻU
30%
4159 | 4160 | 4161 | +4 others RONDO ŻABA
30%
4523 | 4524 | 4525 STARA MIŁOSNA
30%
4668 | 4669 | 4670 | +4 others SZCZĘŚLIWICE
30%
5069 | 5070 | 5071 | +12 others WARSZAWSKA
30%
5307 | 5308 | 5309 | +5 others WORONICZA
30%
277 | 278 | 279 | 280 BIBLIOTEKA NARODOWA
29%
1646 | 1647 | 1648 | 1649 KIELECKA
29%
2804 | 2805 | 2806 | +2 others NOWOLIPKI
29%
71 | 72 | 73 | +6 others AL.ZIELENIECKA
28%
519 | 520 | 521 | 522 CH MARKI
28%
523 | 524 CH PROMENADA
28%
1256 | 1257 | 1258 GRODZISK
28%
2491 | 2492 METRO ZACISZE
28%
2765 | 2766 | 2767 | +10 others NOWE BEMOWO
28%
3367 | 3368 | 3369 | 3370 PKP KOŁO
28%
3382 | 3383 | 3384 | +4 others PKP MIĘDZYLESIE
28%
3421 | 3422 | 3423 | +5 others PKP RADOŚĆ
28%
3465 | 3466 | 3467 | +3 others PKP WŁOCHY
28%
3598 | 3599 | 3600 | +3 others PL.TRZECH KRZYŻY
28%
3701 | 3702 | 3703 | +3 others PODLEŚNA
28%
3773 | 3774 | 3775 | 3776 POMNIK LOTNIKA
28%
4025 | 4026 | 4027 RATUSZOWA-ZOO
28%
4686 | 4687 | 4688 | +17 others SZKOLNA
28%
5501 | 5502 | 5503 | 5504 ZĄBKOWSKA
28%
568 | 569 | 570 | +2 others CHOMICZÓWKA
27%
1381 | 1382 | 1383 | +3 others HOŻA
27%
1677 | 1678 | 1679 | +2 others KINOWA
27%
2162 | 2163 ŁĘGI
27%
3416 | 3417 | 3418 | 3419 PKP POWIŚLE
27%
4892 | 4893 | 4894 | 4895 TORUŃSKA
27%
4904 | 4905 | 4906 TRAKT LUBELSKI
27%
4957 | 4958 UNIWERSYTET
27%
5215 | 5216 WINNICA
27%
5353 | 5354 | 5355 | 5356 WSPÓLNA DROGA
27%
838 | 839 | 840 | 841 DOMANIEWSKA
26%
1914 | 1915 | 1916 | +3 others KRÓLEWSKA
26%
2514 | 2515 | 2516 | 2517 MIĘDZYLESIE
26%
3114 | 3115 OSIEDLE
26%
3286 | 3287 | 3288 | +4 others PIASKI
26%
3517 | 3518 | 3519 | +3 others PL.BANKOWY
26%
4138 | 4139 | 4140 | +4 others RONDO UNII EUROPEJSKIEJ
26%
4791 | 4792 | 4793 | 4794 ŚWIDER
26%
5386 | 5387 | 5388 | +4 others WYŚCIGI
26%
11 | 12 11 LISTOPADA
25%
20 | 21 | 22 | 23 ABRAHAMA
25%
102 | 103 | 104 | +3 others ANIELEWICZA
25%
1319 | 1320 | 1321 | 1322 HALA MIROWSKA
25%
2453 | 2454 METRO SZWEDZKA
25%
2848 | 2849 | 2850 | 2851 OCH-TEATR
25%
3429 | 3430 | 3431 | +2 others PKP RAKOWIEC
25%
3664 | 3665 | 3666 | 3667 PŁOWIECKA
25%
3584 | 3585 | 3586 | +2 others PL.STARYNKIEWICZA
25%
3589 | 3590 | 3591 | +3 others PL.SZEMBEKA
25%
3640 | 3641 | 3642 | 3643 PL.ZBAWICIELA
25%
3893 PRUSZKÓW
25%
4007 | 4008 | 4009 | +3 others RAKOWIECKA
25%
4999 | 5000 | 5001 | +8 others URZĄD GMINY
25%
5163 | 5164 | 5165 | +2 others WIEJSKA
25%
5427 | 5428 | 5429 ZAJEZDNIA OSTROBRAMSKA
25%
186 | 187 | 188 BANACHA-SZPITAL
24%
1869 | 1870 | 1871 | +4 others KOŚCIÓŁ
24%
2001 | 2002 KWATERY GŁÓWNEJ
24%
2554 | 2555 | 2556 | 2557 MŁYN
24%
2645 | 2646 | 2647 | 2648 MURANÓW
24%
3396 PKP MOKRY ŁUG
24%
4341 | 4342 | 4343 SIELCE
24%
4531 | 4532 | 4533 | +2 others STARE BEMOWO
24%
4737 | 4738 SZPITAL WOLSKI
24%
4947 | 4948 UKSW
24%
5322 WÓLKA
24%
329 | 330 BOERNEROWO
23%
1060 | 1061 FALENICKA
23%
2501 | 2502 | 2503 MICKIEWICZA
23%
2540 | 2541 MIŃSKA
23%
3033 | 3034 OS.DERBY
23%
3456 | 3457 | 3458 PKP URSUS-NIEDŹWIADEK
23%
3459 | 3460 PKP WAWER
23%
3535 | 3536 | 3537 | +7 others PL.HALLERA
23%
3606 | 3607 | 3608 | +3 others PL.UNII LUBELSKIEJ
23%
3743 | 3744 | 3745 | +9 others POLNA
23%
4526 | 4527 | 4528 STARA MIŁOSNA (GRANICZNA)
23%
4574 | 4575 | 4576 | 4577 STEGNY
23%
5231 | 5232 | 5233 | +2 others WIŚNIOWA
23%
5537 | 5538 | 5539 | +4 others ZIELONA
23%
7 | 8 | 9 | 10 1. PRASKIEGO PUŁKU
22%
1 | 2 | 3 | +3 others 1 SIERPNIA
22%
365 | 366 | 367 | 368 BORA-KOMOROWSKIEGO
22%
995 | 996 | 997 | +3 others DZIKA
22%
1559 | 1560 | 1561 | 1562 KAJKI
22%
2154 | 2155 | 2156 ŁAZY
22%
2789 | 2790 | 2791 | +7 others NOWODWORY
22%
3306 | 3307 PIASTÓW
22%
3357 | 3358 PKP GOCŁAWEK
22%
3461 PKP WESOŁA
22%
3473 | 3474 | 3475 | 3476 PKP WOLA (KASPRZAKA)
22%
4177 | 4178 | 4179 | +3 others ROZBRAT
22%
4401 | 4402 | 4403 | 4404 SMOCZA
22%
4514 | 4515 STADION
22%
5097 | 5098 | 5099 | +2 others WAWELSKA
22%
5301 | 5302 | 5303 | +3 others WOŁOSKA
22%
5444 | 5445 ZAJEZDNIA ŻOLIBORZ
22%
1049 | 1050 | 1051 | 1052 FABRYCZNA
21%
2309 | 2310 MARYSIN
21%
2757 | 2758 NOWA
21%
3061 | 3062 | 3063 | 3064 OS.KABATY
21%
3434 | 3435 | 3436 | +2 others PKP REMBERTÓW
21%
3482 PKP ZACISZE-WILNO
21%
3733 | 3734 POLIGONOWA
21%
3937 | 3938 | 3939 | 3940 PRZYCZÓŁEK GROCHOWSKI
21%
5010 | 5011 | 5012 URZĄD MIASTA
21%
5593 | 5594 | 5595 | 5596 ŻÓŁKIEWSKIEGO
21%
5556 ZOO
21%
30 AFRYKAŃSKA
20%
307 | 308 | 309 | 310 BLISKA
20%
431 BRZEZINY
20%
509 | 510 CENTRUM ZDROWIA DZIECKA
20%
514 CH BLUE CITY
20%
596 | 597 | 598 | +3 others CIEPŁOWNIA WOLA
20%
817 | 818 DOBRA
20%
1020 | 1021 | 1022 | 1023 ELEKCYJNA
20%
1092 | 1093 | 1094 | 1095 FORT WOLA
20%
1302 | 1303 | 1304 | +2 others GWIAŹDZISTA
20%
1606 | 1607 | 1608 | 1609 KAROLIN
20%
2518 | 2519 MIĘDZYNARODOWA
20%
2637 | 2638 | 2639 | +5 others MURANOWSKA
20%
2923 | 2924 | 2925 | +5 others OKOPOWA
20%
3230 | 3231 | 3232 | +4 others PARK TRAUGUTTA
20%
3360 PKP HALINÓW
20%
3442 PKP TARGÓWEK
20%
3443 | 3444 PKP TORUŃSKA
20%
3493 PKP ŻWIRKI I WIGURY
20%
3862 | 3863 | 3864 | 3865 POŻARYSKIEGO
20%
3853 | 3854 POZNAŃSKA
20%
3154 | 3155 | 3156 | +7 others P+R AL. KRAKOWSKA
20%
3997 RADZYMIŃSKA
20%
4241 RZAKTA
20%
4272 | 4273 | 4274 | +3 others SADYBA
20%
4495 | 4496 | 4497 | +4 others SPORTOWA
20%
4529 STARA MIŁOSNA (UŁAŃSKA)
20%
4560 | 4561 | 4562 | +3 others STAWKI
20%
4914 | 4915 TRAWIASTA
20%
5425 | 5426 ZAJEZDNIA KLESZCZOWA
20%
84 | 85 | 86 ALEKSANDRÓW
19%
53 | 54 | 55 | +3 others AL.REYMONTA
19%
214 | 215 | 216 | 217 BASENY INFLANCKA
19%
269 | 270 BIAŁOŁĘKA
19%
801 | 802 | 803 | +3 others DŁUGA
19%
1003 | 1004 | 1005 | 1006 EC SIEKIERKI
19%
1039 | 1040 | 1041 | 1042 ESPERANTO
19%
1454 | 1455 IX POPRZECZNA
19%
2044 | 2045 | 2046 LEGIA-STADION
19%
2296 | 2297 MARYMONT-POTOK
19%
2537 MIŁA
19%
2854 | 2855 OCHOTA-RATUSZ
19%
3178 | 3179 | 3180 | +2 others PAŁAC
19%
3226 | 3227 | 3228 | 3229 PARK SKARYSZEWSKI
19%
3326 | 3327 | 3328 PIĘKNA
19%
3365 | 3366 PKP JÓZEFÓW
19%
3407 | 3408 | 3409 | 3410 PKP PIASECZNO
19%
3574 | 3575 | 3576 PL.PIŁSUDSKIEGO
19%
5106 | 5107 WAWERSKA
19%
41 | 42 AL.KRAKOWSKA
18%
208 | 209 | 210 | 211 BARTYCKA
18%
319 | 320 | 321 BŁOTA
18%
405 | 406 BRONISŁAWA CZECHA-LAS
18%
831 | 832 | 833 | 834 DOLNA
18%
1626 KĄCK
18%
2734 | 2735 | 2736 | 2737 NIZINNA
18%
3151 OTWOCK
18%
3359 PKP GOŁĄBKI
18%
3379 | 3380 | 3381 PKP MIEDZESZYN
18%
3477 | 3478 | 3479 | +2 others PKP WOLA (WOLSKA)
18%
3846 | 3847 | 3848 | 3849 POWSTAŃCÓW
18%
4438 | 4439 | 4440 SOLEC
18%
4966 | 4967 | 4968 | +4 others URSUS-NIEDŹWIADEK
18%
5095 | 5096 WAT
18%
5185 | 5186 | 5187 | +2 others WIERZBOWA
18%
5329 | 5330 | 5331 | +3 others WROCŁAWSKA
18%
5376 | 5377 WYNALAZEK
18%
26 | 27 | 28 | 29 ADAMPOLSKA
17%
89 | 90 ALPEJSKA-INSTYTUT
17%
219 | 220 BATALIONÓW CHŁOPSKICH
17%
415 | 416 | 417 | +3 others BRÓDNO-PODGRODZIE
17%
470 | 471 BURSZTYNOWA-SZPITAL
17%
575 CHOSZCZÓWKA
17%
527 | 528 | 529 | 530 CH TARGÓWEK
17%
614 | 615 CM.BRÓDNOWSKI
17%
645 | 646 | 647 | 648 CM.ŻYDOWSKI
17%
724 CZERNIAKOWSKA
17%
1010 | 1011 EDISONA
17%
1218 GÓRNOŚLĄSKA
17%
1393 | 1394 | 1395 | +3 others HYNKA
17%
1865 | 1866 | 1867 | 1868 KOŚCIELNA
17%
1953 | 1954 KS POLONIA
17%
2074 | 2075 | 2076 LEŚNA
17%
2063 | 2064 | 2065 LESZNO
17%
2619 | 2620 | 2621 | 2622 MOST ŚWIETOKRZYSKI
17%
2831 | 2832 | 2833 | +3 others OBJAZDOWA
17%
3349 | 3350 PKP DAWIDY
17%
3362 | 3363 | 3364 PKP JEZIORKI
17%
3375 | 3376 PKP MICHALIN
17%
3454 | 3455 PKP URSUS PŁN.
17%
3577 | 3578 PL.POLITECHNIKI
17%
3623 | 3624 PL.ZAMKOWY
17%
3813 | 3814 | 3815 | +7 others POSTĘPU
17%
3869 | 3870 | 3871 | 3872 PRAGA PŁD.-RATUSZ
17%
3980 | 3981 | 3982 | +3 others RADIOWA
17%
4128 | 4129 | 4130 | +7 others RONDO STARZYŃSKIEGO
17%
4154 | 4155 | 4156 | +2 others RONDO ZESŁAŃCÓW SYBERYJSKICH
17%
4235 | 4236 RYNEK
17%
4238 | 4239 | 4240 RYŻOWA
17%
4284 | 4285 | 4286 | +2 others SAMOCHODOWA
17%
4474 | 4475 | 4476 | +5 others SPACEROWA
17%
4539 | 4540 STARE ŚWIDRY
17%
4783 | 4784 | 4785 | 4786 ŚW.BONIFACEGO
17%
4713 | 4714 | 4715 SZOSA LUBELSKA
17%
4909 TRASA ŁAZIENKOWSKA
17%
5239 | 5240 | 5241 | 5242 WITOLIN
17%
5244 | 5245 WKD RAKÓW
17%
5251 | 5252 | 5253 | 5254 WŁOCHY-RATUSZ
17%
5283 | 5284 | 5285 | +3 others WOLA-RATUSZ
17%
5438 | 5439 | 5440 | 5441 ZAJEZDNIA WOLA
17%
5468 | 5469 ZAMIENIE
17%
34 | 35 AKCENT
16%
535 | 536 | 537 | +3 others CHEŁMSKA
16%
573 | 574 CHOPINA
16%
525 | 526 CH REDUTA
16%
2174 | 2175 | 2176 | +3 others ŁOPUSZAŃSKA
16%
2506 | 2507 | 2508 | +5 others MIĘDZYBORSKA
16%
2649 | 2650 MUZEALNA
16%
2726 | 2727 NIK
16%
3413 | 3414 | 3415 PKP PŁUDY
16%
3545 | 3546 | 3547 PL.INWALIDÓW
16%
3835 | 3836 | 3837 | 3838 POWĄZKOWSKA
16%
3992 | 3993 | 3994 RADIÓWEK
16%
4293 | 4294 SANKTUARIUM
16%
4796 | 4797 ŚWIDERSKA
16%
4662 | 4663 SZASERÓW
16%
4706 SZKOŁA
16%
5236 WIŚNIOWA GÓRA
16%
5470 | 5471 | 5472 | +2 others ZAMIENIECKA
16%
5579 | 5580 ŻERAŃ WSCHODNI
16%
131 | 132 | 133 | 134 ARESZT ŚLEDCZY GROCHÓW
15%
229 | 230 | 231 | 232 BATOREGO
15%
663 | 664 | 665 | 666 CMENTARZ WŁOSKI
15%
720 | 721 CZEKOLADOWA
15%
747 CZYNSZOWA
15%
772 | 773 DĄBRÓWKA
15%
886 DW. ZACHODNI (TUNELOWA)
15%
1027 | 1028 | 1029 | 1030 EMILII PLATER
15%
1229 | 1230 | 1231 | +9 others GRANICZNA
15%
1326 | 1327 | 1328 | +2 others HALA WOLA
15%
1526 | 1527 JÓZEFÓW
15%
2283 | 2284 MARIENSZTAT
15%
2615 | 2616 | 2617 | 2618 MOST SIEKIERKOWSKI
15%
2869 | 2870 ODRODZENIA
15%
3224 | 3225 PARK PRASKI
15%
3371 PKP LEGIONOWO
15%
3389 | 3390 | 3391 | +4 others PKP MŁYNÓW
15%
3401 | 3402 PKP OKĘCIE
15%
3462 | 3463 | 3464 PKP WKD AL.JEROZOLIMSKIE
15%
3524 | 3525 | 3526 | +6 others PL.GRUNWALDZKI
15%
3890 | 3891 | 3892 PRUSZKOWSKA
15%
4056 | 4057 REMBERTÓW-KOLONIA
15%
4624 | 4625 SULEJÓWEK
15%
4802 ŚWIECKA
15%
4675 | 4676 | 4677 | 4678 SZCZĘŚLIWICKA
15%
5051 | 5052 WAŁ MIEDZESZYŃSKI
15%
5190 | 5191 WIERZCHOWSKIEGO
15%
5442 | 5443 ZAJEZDNIA WORONICZA
15%
43 | 44 | 45 | +4 others AL.LOTNIKÓW
14%
285 | 286 | 287 | +2 others BIELANY-RATUSZ
14%
296 | 297 BIELSZOWICKA
14%
350 | 351 | 352 | +3 others BOKSERSKA
14%
464 | 465 | 466 BUKÓW
14%
669 | 670 | 671 | +3 others CONRADA
14%
714 | 715 CZATÓW
14%
766 DAWIDY
14%
792 | 793 | 794 | +3 others DICKENSA
14%
984 DZIELNA
14%
1084 | 1085 FOKSAL
14%
1090 FORT RADIOWO
14%
1251 | 1252 | 1253 | 1254 GRENADY
14%
1331 | 1332 HALE BANACHA
14%
1379 | 1380 HOTELOWA
14%
1623 KAWĘCZYŃSKA-BAZYLIKA
14%
1920 | 1921 | 1922 | +4 others KRÓLIKARNIA
14%
2224 | 2225 | 2226 MAJDAN
14%
2320 MAZOWIECKA
14%
2597 | 2598 | 2599 | 2600 MORSKIE OKO
14%
2703 | 2704 NARUTOWICZA
14%
3144 | 3145 OŚRODEK SZKOLENIOWY
14%
3293 | 3294 | 3295 | +4 others PIASKOWA
14%
3725 | 3726 POGODNA
14%
3927 | 3928 | 3929 PRZY AGORZE
14%
4019 | 4020 | 4021 | 4022 RASZYŃSKA
14%
4023 | 4024 RATAJA
14%
4193 RÓWNA
14%
4206 | 4207 RUMIANKOWA
14%
4260 SADOWA
14%
4434 | 4435 | 4436 | 4437 SOKRATESA
14%
4493 | 4494 SPOKOJNA
14%
4743 | 4744 | 4745 | +3 others SZWEDZKA
14%
4890 | 4891 TORFOWA
14%
4973 | 4974 | 4975 URSUS-RATUSZ
14%
5275 | 5276 | 5277 WOLA GRZYBOWSKA
14%
5327 | 5328 WÓLKA WĘGLOWA
14%
5359 | 5360 | 5361 | 5362 WYBRZEŻE HELSKIE
14%
5609 | 5610 ŻYTNIA
14%
61 | 62 AL.WIELKOPOLSKI
13%
63 | 64 | 65 | 66 AL.WITOSA
13%
380 | 381 BORYSZEW
13%
533 | 534 CHABROWA
13%
705 | 706 CZAPELSKA
13%
731 | 732 CZŁUCHOWSKA
13%
741 | 742 | 743 | 744 CZUMY
13%
968 | 969 DZIECHCINIEC
13%
1177 | 1178 | 1179 | 1180 GOCŁAWSKA
13%
1213 | 1214 GÓRASZKA
13%
1622 KATOWICKA
13%
1644 | 1645 KICKIEGO
13%
1701 | 1702 | 1703 | 1704 KLEMENSIEWICZA
13%
1750 | 1751 KOLONIA HELENÓW
13%
1807 | 1808 | 1809 | 1810 KONSTRUKTORSKA
13%
1884 | 1885 KOTLINY
13%
1996 KUPIECKA
13%
2105 | 2106 LIPOWO
13%
2111 LITEWSKA
13%
2326 | 2327 | 2328 | 2329 MEHOFFERA
13%
2547 MŁOCINY-UKSW
13%
2655 | 2656 | 2657 | +4 others MUZEUM POWSTANIA WARSZAWSKIEGO
13%
2884 | 2885 | 2886 | 2887 OGRODY DZIAŁKOWE BEMOWO
13%
2946 | 2947 | 2948 OKULAROWA
13%
2952 OLESIN
13%
3201 | 3202 | 3203 | +3 others PARK KASKADA
13%
3283 PĘCLIN
13%
3284 | 3285 PĘCLIŃSKA
13%
3308 | 3309 | 3310 | +3 others PIASTÓW ŚLĄSKICH
13%
3420 PKP PRAGA
13%
3488 | 3489 | 3490 | +2 others PKP ŻERAŃ
13%
3656 | 3657 | 3658 PŁOCHOCIŃSKA
13%
3883 | 3884 PROJEKTOWANA
13%
4385 | 4386 SKOROSZE
13%
4570 | 4571 STEFANIKA
13%
4572 | 4573 STEFANÓWKA
13%
4739 | 4740 SZPITALNA
13%
4848 | 4849 | 4850 | 4851 TELEWIZJA POLSKA
13%
4858 | 4859 TERESPOLSKA
13%
4927 | 4928 TRZYKROTKI
13%
5196 WILANOWSKA
13%
5243 WKD OPACZ
13%
5424 ZAGÓRZE-SANATORIUM
13%
5430 | 5431 ZAJEZDNIA PRAGA
13%
5452 | 5453 ZAKRĘTOWA
13%
111 | 112 ANNY GERMAN
12%
125 | 126 ARBUZOWA
12%
129 | 130 ARESZT ŚLEDCZY BIAŁOŁĘKA
12%
145 | 146 | 147 | +5 others ASPEKT
12%
154 ATEŃSKA
12%
157 AUGUSTÓW
12%
259 | 260 BERESTECKA
12%
261 | 262 BEREZYŃSKA
12%
267 | 268 BIAŁOBRZESKA
12%
333 | 334 | 335 | +4 others BOGUSŁAWSKIEGO
12%
382 | 383 BORYSZEWSKA
12%
469 BURAKÓW
12%
710 | 711 CZARNÓWKA
12%
729 | 730 CZERWONYCH BERETÓW
12%
753 | 754 | 755 | +2 others DALIBORA
12%
779 | 780 | 781 | 782 DEOTYMY
12%
827 | 828 | 829 | 830 DOLINA SŁUŻEWIECKA
12%
963 | 964 DYWIZJONU 303
12%
965 | 966 DZIAŁKOWA
12%
970 | 971 DZIECHCINIEC-KOLONIA
12%
972 DZIECHCINIEC-SKLEP
12%
1140 | 1141 GLINIANKA
12%
1223 | 1224 GRABÓW
12%
1266 | 1267 GRÓDEK
12%
1283 | 1284 GRZYMALITÓW
12%
1427 | 1428 | 1429 | 1430 INSTYTUT LOTNICTWA
12%
1474 | 1475 JANKI
12%
1546 KABATY-STP
12%
1618 | 1619 KASZTANOWA
12%
1724 | 1725 KOCISZEWSKICH
12%
1741 | 1742 | 1743 | +4 others KOLEJOWA
12%
1929 | 1930 | 1931 | 1932 KRÓLOWEJ MARYSIEŃKI
12%
2227 | 2228 MAJDAN-STACJA PALIW
12%
2237 | 2238 MALCANÓW-BOOS
12%
2672 | 2673 | 2674 MYŚLIBORSKA
12%
2728 | 2729 | 2730 | +3 others NISKA
12%
2742 | 2743 | 2744 | +3 others NORBLIN
12%
2780 | 2781 | 2782 NOWE WŁOCHY
12%
2938 | 2939 | 2940 | 2941 OKRZEI
12%
2977 | 2978 ORDONA
12%
2983 | 2984 ORDYNACKA
12%
3136 | 3137 OŚ KRÓLEWSKA
12%
3073 | 3074 | 3075 | 3076 OS.MAJDAŃSKA
12%
3149 | 3150 OŚRODEK ZDROWIA
12%
3130 | 3131 OSTROROGA
12%
3177 PALUCH
12%
3210 | 3211 PARK MIEJSKI
12%
3217 | 3218 | 3219 | +2 others PARK OLSZYNA
12%
3237 | 3238 | 3239 | +5 others PARKOWA
12%
3440 | 3441 PKP STADION
12%
3549 | 3550 | 3551 PL.KASZTELAŃSKI
12%
3789 | 3790 | 3791 | +2 others POPIELA
12%
3794 | 3795 POPŁAWSKA
12%
3164 | 3165 | 3166 | 3167 P+R POŁCZYŃSKA
12%
3988 | 3989 RADIOWO
12%
4031 | 4032 | 4033 | +3 others REDUTA WOLSKA
12%
4066 | 4067 REYMONTA
12%
4099 | 4100 ROMASZEWSKIEGO
12%
4267 | 4268 | 4269 | +2 others SADY ŻOLIBORSKIE
12%
4280 | 4281 SALOMEA
12%
4300 | 4301 | 4302 | 4303 SASANKI
12%
4334 | 4335 | 4336 SIEKIERKI-SANKTUARIUM
12%
4374 | 4375 SKALNICOWA
12%
4400 SŁUŻEWIEC
12%
4405 SMOLNA
12%
4412 | 4413 | 4414 | +6 others SOBIESKIEGO
12%
4485 SPARTAŃSKA
12%
4660 | 4661 SZARYCH SZEREGÓW
12%
4664 | 4665 SZASERÓW-SZPITAL
12%
4716 | 4717 SZPITAL BIELAŃSKI
12%
4828 | 4829 | 4830 | 4831 TARGÓWEK
12%
4959 | 4960 UNIWERSYTET MEDYCZNY
12%
5278 WOLA KARCZEWSKA
12%
5415 ZACHODNIA
12%
5567 ŻANĘCIN
12%
31 | 32 AGRYKOLA
11%
139 | 140 | 141 | 142 ARMII KRAJOWEJ
11%
274 | 275 | 276 BIAŁOŁĘKA-RATUSZ
11%
372 | 373 BOROWA
11%
421 | 422 | 423 | 424 BRÓDNOWSKA
11%
513 CH ARKADIA
11%
548 | 549 CHŁODNA
11%
518 CH ŁOMIANKI
11%
621 | 622 | 623 | +2 others CM.PÓŁNOCNY-BRAMA GŁ.
11%
702 | 703 CYTADELA
11%
959 | 960 | 961 | 962 DYREKCJA FSO
11%
1152 | 1153 | 1154 | +2 others GŁÓWNA
11%
1264 | 1265 GROTY
11%
1377 | 1378 HOTEL BRISTOL
11%
1491 | 1492 | 1493 | 1494 JASNA
11%
1762 | 1763 KOŁŁĄTAJA
11%
1813 | 1814 | 1815 KONWIKTORSKA
11%
2152 | 2153 ŁAZIENKI KRÓLEWSKIE
11%
2290 | 2291 MARMUROWA
11%
2500 MICHAŁÓWEK
11%
2560 | 2561 | 2562 | 2563 MŁYNARSKA
11%
2601 | 2602 MORY
11%
2707 | 2708 | 2709 | +4 others NATOLIN PŁN.
11%
2811 | 2812 | 2813 | 2814 NOWOURSYNOWSKA
11%
2876 | 2877 OGÓRKOWA
11%
3000 | 3001 | 3002 | +3 others ORZECHOWA
11%
3372 | 3373 | 3374 PKP LEGIONOWO-PRZYSTANEK
11%
3483 | 3484 | 3485 | 3486 PKP ZĄBKI
11%
3487 PKP ZIELONKA
11%
3679 | 3680 POCZTOWA
11%
3811 | 3812 POSAG 7 PANIEN
11%
3842 | 3843 | 3844 POWSINEK
11%
3850 | 3851 POWSTAŃCÓW WARSZAWY
11%
4391 | 4392 SŁONECZNA
11%
5017 | 5018 UTRATA
11%
5026 | 5027 | 5028 | 5029 VOGLA
11%
5155 | 5156 WIDOCZNA
11%
5289 | 5290 | 5291 | +3 others WOLICA
11%
5581 | 5582 | 5583 | 5584 ŻEROMSKIEGO
11%
290 BIELAŃSKA
10%
397 | 398 BRANICKIEGO
10%
412 BROWARNA
10%
502 | 503 | 504 | 505 CENTRUM ONKOLOGII
10%
589 | 590 CICHA
10%
630 | 631 CM.PÓŁNOCNY-BRAMA ZACH.
10%
685 | 686 CYBERNETYKI
10%
783 | 784 DĘBOWA
10%
1091 FORT WAWRZYSZEW
10%
1406 | 1407 INFLANCKA
10%
1419 | 1420 | 1421 INSTYTUT FIZYKI
10%
1801 | 1802 KONIK NOWY
10%
2012 | 2013 | 2014 | 2015 KWITNĄCA
10%
2103 | 2104 LIPOWCZANA
10%
2187 | 2188 ŁOWICKA
10%
2740 | 2741 NOCZNICKIEGO
10%
3035 | 3036 OS.DERBY III
10%
3104 | 3105 OS.WILGA
10%
3727 | 3728 | 3729 | 3730 POLECZKI
10%
3852 POZIOMKOWA
10%
3887 | 3888 PROZY
10%
4382 | 4383 SKOLIMÓW
10%
4546 | 4547 STAROSTWO
10%
4718 | 4719 | 4720 | 4721 SZPITAL BRÓDNOWSKI
10%
5255 | 5256 | 5257 | 5258 WŁOŚCIAŃSKA
10%
5271 | 5272 WOJSKA POLSKIEGO
10%
5418 ZACISZE
10%
5434 | 5435 ZAJEZDNIA STALOWA
10%
36 AL.BOHATERÓW WRZEŚNIA
9%
37 | 38 AL.JANA PAWŁA II
9%
97 | 98 ANDERSENA
9%
171 | 172 BAJECZNA
9%
311 | 312 BLIZNE JASIŃSKIEGO
9%
313 | 314 | 315 BLIZNE ŁASZCZYŃSKIEGO
9%
344 | 345 BOHOMOLCA
9%
370 | 371 BORKÓW
9%
442 | 443 | 444 | 445 BUDOWLANA
9%
547 CHLUBNA
9%
633 | 634 | 635 | 636 CM.WAWRZYSZEWSKI
9%
776 | 777 | 778 DĄBRÓWKA WIŚLANA
9%
837 DOM KULTURY
9%
866 | 867 DRZEWORYTNIKÓW
9%
884 | 885 DW. GDAŃSKI (RYDYGIERA)
9%
948 | 949 | 950 DWORCOWA
9%
973 | 974 | 975 DZIECI WARSZAWY
9%
1017 | 1018 | 1019 ELBLĄSKA
9%
1072 | 1073 | 1074 FIELDORFA
9%
1086 | 1087 FORT BEMA
9%
1088 | 1089 FORT BLIZNE
9%
1245 | 1246 | 1247 | +3 others GRENADIERÓW
9%
1279 | 1280 | 1281 | 1282 GRZYBOWA
9%
1417 | 1418 INSTYTUT ENERGETYKI
9%
1466 | 1467 JAGIELLOŃSKA
9%
1587 | 1588 KANAŁ GOCŁAWSKI
9%
1624 | 1625 KAZUBÓW
9%
1643 KĘPA ZAWADOWSKA
9%
1695 | 1696 | 1697 KLAUDYN
9%
1709 KLONOWA
9%
1726 | 1727 | 1728 KOCJANA
9%
1803 | 1804 KONIK STARY
9%
1819 | 1820 KOPERNIKA
9%
1823 KOPRKI
9%
1835 | 1836 | 1837 | 1838 KOROTYŃSKIEGO
9%
1876 | 1877 | 1878 | +3 others KOŚCIUSZKI
9%
1959 | 1960 KS.MALINOWSKIEGO
9%
1961 | 1962 | 1963 | +3 others KS.POPIEŁUSZKI
9%
2031 LAS BIELAŃSKI
9%
2169 | 2170 ŁOMIANKI-CENTRUM
9%
2195 | 2196 ŁUGI
9%
2135 | 2136 LWOWSKA
9%
2204 | 2205 MACZKA
9%
2255 | 2256 MAŁE SIEKIERKI
9%
2550 | 2551 | 2552 | 2553 MŁODZIEŃCZA
9%
2590 MONIUSZKi
9%
2591 | 2592 MONIUSZKI
9%
2701 | 2702 NARODOWA
9%
2799 | 2800 | 2801 | +2 others NOWOLIPIE
9%
2875 OGIŃSKIEGO
9%
2911 | 2912 | 2913 | +7 others OKĘCIE
9%
2979 | 2980 | 2981 | 2982 ORDONA-WSA
9%
2995 | 2996 | 2997 | +2 others ORLICH GNIAZD
9%
3037 | 3038 OS.DERBY VI
9%
3120 | 3121 OSIEDLOWA
9%
3335 | 3336 | 3337 | 3338 PIMOT
9%
3397 | 3398 PKP NIEPORĘT
9%
3399 | 3400 PKP NOWA IWICZNA
9%
3509 | 3510 PL. NIEMENA
9%
3595 PL.SZWEDZKI
9%
3787 | 3788 PONIATÓW
9%
3807 | 3808 PORTOWA
9%
4061 | 4062 | 4063 | +2 others REMBIELIŃSKA
9%
4428 | 4429 | 4430 | 4431 SOKOŁOWSKA
9%
4484 SPALINOWA
9%
4509 | 4510 | 4511 | +2 others STACJA KRWIODAWSTWA
9%
4596 | 4597 STRAŻACKA
9%
4789 | 4790 ŚWIĄTYNIA OPATRZNOŚCI BOŻEJ
9%
4758 | 4759 SZYSZKOWA
9%
4760 SZYSZKOWA -
9%
4844 | 4845 TEATR KOMEDIA
9%
4872 | 4873 TOMASZEW
9%
4881 TOPOLOWA
9%
4920 | 4921 | 4922 TROCKA
9%
4939 TWARDOWSKA
9%
4982 | 4983 | 4984 | +2 others URSYNÓW PŁD.
9%
5060 | 5061 WANILIOWA
9%
5108 | 5109 | 5110 | 5111 WAWRZYSZEWSKA
9%
5220 | 5221 | 5222 | +4 others WIOSENNA
9%
5325 | 5326 WÓLKA MLĄDZKA
9%
5339 | 5340 WRZECIONO
9%
87 | 88 ALGIERSKA
8%
113 | 114 ANNY JAGIELLONKI
8%
195 | 196 BAREI
8%
708 | 709 CZARNOMORSKA
8%
825 | 826 DOJAZDOWA
8%
989 | 990 DZIERŻONIOWSKA
8%
1129 | 1130 GEN.ZAJĄCZKA
8%
1176 GOCŁAWEK WSCHODNI
8%
1182 | 1183 GOLĘDZINÓW
8%
1285 | 1286 | 1287 | +3 others GRZYMAŁY-SOKOŁOWSKIEGO
8%
1316 | 1317 | 1318 HALA KOPIŃSKA
8%
1349 | 1350 | 1351 | 1352 HENRYKÓW
8%
1399 | 1400 ICDS
8%
1439 | 1440 | 1441 | +3 others INŻYNIERSKA
8%
1448 | 1449 | 1450 | 1451 IWICKA
8%
1486 | 1487 JAROSŁAWSKA
8%
1496 | 1497 JAWCZYCE
8%
1714 | 1715 KMŁ
8%
1716 | 1717 KNAPIKA
8%
1981 | 1982 | 1983 KSIĄŻĘCA
8%
2182 | 2183 ŁOSOSIOWA
8%
2119 LOTNISKO CHOPINA - ODLOTY
8%
2120 LOTNISKO CHOPINA - PRZYLOTY
8%
2298 | 2299 | 2300 | +8 others MARYNIN
8%
2676 | 2677 | 2678 NA SKRAJU
8%
2964 OPACZ
8%
3084 | 3085 OS.ORLIK
8%
3090 | 3091 | 3092 | 3093 OS.POTOK
8%
3098 OS.STASZICA
8%
3102 | 3103 OS.WEDEL
8%
3332 | 3333 | 3334 PILECKIEGO
8%
3513 | 3514 | 3515 | 3516 PL. POLE ELEKCYJNE
8%
3741 | 3742 POLMO
8%
3798 | 3799 | 3800 POPULARNA
8%
4040 | 4041 REGULSKA
8%
4324 | 4325 SGGW-REKTORAT
8%
4777 | 4778 ŚRENIAWITÓW
8%
4876 | 4877 | 4878 TOPIEL
8%
4987 | 4988 | 4989 | +5 others URSYNÓW PŁN.
8%
5013 URZĄD SKARBOWY
8%
5315 | 5316 | 5317 | +2 others WÓLCZYŃSKA
8%
5299 | 5300 WOŁOMIŃSKA
8%
5416 | 5417 ZACHODZĄCEGO SŁOŃCA
8%
5545 | 5546 ZIELONKI
8%
5597 | 5598 ŻUBROWA-UKSW
8%
24 | 25 ADAMIECKIEGO
7%
33 AKADEMIJNA
7%
91 | 92 | 93 ALUZYJNA
7%
96 ANANASOWA
7%
123 | 124 ARABSKA
7%
127 | 128 ARCHIMEDESA
7%
153 ASTRONAUTÓW
7%
162 | 163 AUGUSTÓWKA
7%
175 | 176 BALEYA
7%
233 | 234 BATUMI
7%
240 BEETHOVENA
7%
246 | 247 | 248 | 249 BEŁDAN
7%
360 | 361 BOLEŚĆ
7%
384 | 385 | 386 BORZĘCIN DUŻY
7%
399 | 400 | 401 | 402 BRATA ALBERTA
7%
407 | 408 BRONISZE
7%
446 | 447 | 448 | 449 BUDZIŃSKIEJ-TYLICKIEJ
7%
474 | 475 | 476 | 477 BYSŁAWSKA
7%
478 | 479 BYSTRA
7%
500 | 501 CENTRUM OLIMPIJSKIE
7%
578 | 579 CHRZANÓW
7%
626 | 627 CM.PÓŁNOCNY-BRAMA PŁD.
7%
628 | 629 CM.PÓŁNOCNY-BRAMA PŁN.
7%
667 | 668 CODZIENNA
7%
675 | 676 CONRADA-SZKOŁA
7%
707 CZARNA STRUGA
7%
768 | 769 DĄBROWSKIEGO
7%
809 | 810 DŁUGOSZA
7%
868 | 869 DS RIVIERA
7%
945 | 946 | 947 DWERNICKIEGO
7%
1007 EC ŻERAŃ
7%
1024 ELSNERÓW
7%
1067 | 1068 FARADAYA
7%
1101 | 1102 GAJOWA
7%
1123 | 1124 | 1125 | 1126 GEN.MACZKA
7%
1135 | 1136 | 1137 GILARSKA
7%
1210 GOWORKA
7%
1259 | 1260 GRODZISK-KOŚCIÓŁ
7%
1300 | 1301 GWARNA
7%
1401 | 1402 IDZIKOWSKIEGO
7%
1472 | 1473 JANIN
7%
1532 | 1533 | 1534 JULIANÓW
7%
1530 | 1531 JULIANOWSKA
7%
1578 KAMIONEK
7%
1579 | 1580 | 1581 | 1582 KAMPINOSKA
7%
1612 | 1613 KAROWA
7%
1633 | 1634 KENIGA
7%
1642 KĘPA TARCHOMIŃSKA
7%
1656 | 1657 KIERBEDZIA
7%
1698 | 1699 | 1700 KLAUDYNY
7%
1722 | 1723 KOCHANOWSKIEGO
7%
1778 | 1779 | 1780 KOMBAJNISTÓW
7%
1805 | 1806 KONOPACKA
7%
1846 KOSÓW
7%
1850 | 1851 KOSTRZEWSKIEGO
7%
1895 | 1896 | 1897 | +2 others KRAKOWIAKÓW
7%
1910 | 1911 KROKUSÓW
7%
2160 | 2161 ŁĄKOWA
7%
2032 | 2033 LASEK NA KOLE
7%
2053 LEGIONÓW
7%
2066 | 2067 LESZNO-GS
7%
2084 LEWINÓW
7%
2197 | 2198 | 2199 | 2200 ŁUKOWSKA
7%
2246 | 2247 | 2248 MALINOWA
7%
2269 | 2270 MANGALIA
7%
2330 | 2331 | 2332 | 2333 MEISSNERA
7%
2564 | 2565 | 2566 | +3 others MŁYNÓW
7%
2581 | 2582 MOKOTOWSKA
7%
2694 | 2695 | 2696 | 2697 NAMYSŁOWSKA
7%
2720 | 2721 NIEDŹWIEDZIA
7%
2754 | 2755 | 2756 NOVOTEL
7%
2841 | 2842 OBRAZKOWA
7%
2864 | 2865 ODLEWNICZA
7%
2904 | 2905 | 2906 OGRÓD BOTANICZNY
7%
3039 OS.DUDZIARSKA
7%
3059 | 3060 OS.JANTAR
7%
3132 | 3133 OSTRÓDZKA
7%
3197 | 3198 | 3199 | 3200 PARK DRESZERA
7%
3212 | 3213 PARK MŁOCIŃSKI
7%
3214 | 3215 | 3216 PARK MOCZYDŁO
7%
3280 | 3281 | 3282 PERZYŃSKIEGO
7%
3304 | 3305 PIASTOWSKA
7%
3411 | 3412 PKP PIASTÓW
7%
3533 | 3534 PL.GRZYBOWSKI
7%
3659 | 3660 | 3661 | +2 others PŁOCKA-SZPITAL
7%
3580 | 3581 PL.PRZYMIERZA
7%
3596 | 3597 PL.TEATRALNY
7%
3692 | 3693 PODCZASZYŃSKIEGO
7%
3707 | 3708 | 3709 | 3710 PODLEŚNA-IMiGW
7%
3723 | 3724 POETÓW
7%
3867 | 3868 PÓŁNOCNA
7%
3767 | 3768 POŁUDNIOWA
7%
3777 | 3778 POMNIK SAPERA
7%
3809 | 3810 PORZECZKOWA
7%
3841 POWSIN-PARK KULTURY
7%
3857 | 3858 | 3859 | +2 others POŻAROWA
7%
4000 | 4001 RAGINISA
7%
4037 | 4038 | 4039 REDUTOWA
7%
4058 | 4059 REMBERTÓW-RATUSZ
7%
4079 | 4080 ROGALIŃSKA
7%
4187 | 4188 ROZŁOGI
7%
4203 | 4204 | 4205 RUDZKA
7%
4256 | 4257 RZYMSKA
7%
4291 | 4292 SANGUSZKI
7%
4321 SGGW-BIBLIOTEKA
7%
4322 | 4323 SGGW-KLINIKA
7%
4332 | 4333 SIEDMIOGRODZKA
7%
4344 | 4345 SIEMIATYCKA
7%
4352 | 4353 SIENNA
7%
4387 | 4388 SKOROSZEWSKA
7%
4761 | 4762 | 4763 | 4764 ŚLIWICE
7%
4394 | 4395 | 4396 | 4397 SŁOWACKIEGO
7%
4767 | 4768 ŚMIGŁOWCA
7%
4423 SOCHACZEWSKA
7%
4471 | 4472 | 4473 SÓJKI
7%
4466 | 4467 | 4468 | +2 others SOWIŃSKIEGO
7%
4568 | 4569 STEFANA BATOREGO
7%
4578 | 4579 STERNICZA
7%
4590 | 4591 STOICKA
7%
4629 | 4630 SUWAK
7%
4642 | 4643 | 4644 | 4645 SYNÓW PUŁKU
7%
4657 SZAMOTY
7%
4734 | 4735 | 4736 SZPITAL POWIATOWY
7%
4860 | 4861 TERMINAL CARGO
7%
4864 | 4865 TKACZY
7%
4870 | 4871 TOŁSTOJA
7%
4910 | 4911 | 4912 | 4913 TRAUGUTTA
7%
4951 | 4952 UMIASTOWSKA
7%
5034 | 5035 | 5036 WAFLOWA
7%
5049 | 5050 WAŁ GOCŁAWSKI
7%
5102 | 5103 | 5104 | 5105 WAWER-RATUSZ
7%
5127 | 5128 | 5129 WESOŁA-RATUSZ
7%
5153 | 5154 WIDAWSKA
7%
5323 | 5324 WÓLKA KOSOWSKA
7%
5295 | 5296 WOLNOŚCI
7%
5337 | 5338 WRÓBLA
7%
5335 | 5336 WRONIA
7%
5365 | 5366 WYCZÓŁKI
7%
5446 | 5447 ZAJĘCZA
7%
5432 | 5433 ZAJEZDNIA REDUTOWA
7%
5527 | 5528 ZERZEŃ
7%
5550 | 5551 ZIMOWA
7%
5553 | 5554 | 5555 ZNANA
7%
5589 | 5590 ŻOŁNY
7%
5599 | 5600 | 5601 | 5602 ŻUPNICZA
7%
94 | 95 AMBARAS
6%
115 | 116 ANTKA ROZPYLACZA
6%
137 | 138 ARMII ,,POZNAŃ"
6%
225 | 226 BATALIONU PLATERÓWEK
6%
235 | 236 | 237 BAZYLIAŃSKA
6%
556 | 557 CHODAKOWSKA
6%
558 | 559 | 560 | 561 CHODECKA
6%
737 | 738 CZOSNÓW
6%
767 DĄBROWA ZACHODNIA
6%
951 | 952 | 953 | +4 others DWORKOWA
6%
1043 | 1044 ESTRADY
6%
1142 | 1143 GŁĘBOCKA
6%
1208 | 1209 GOTARDA
6%
1315 HABICHA
6%
1367 | 1368 HORBACZEWSKIEGO
6%
1501 | 1502 | 1503 JESIENNYCH LISCI
6%
1518 JODŁOWA
6%
1541 | 1542 | 1543 JURANDA ZE SPYCHOWA
6%
1548 | 1549 | 1550 KADETÓW
6%
1610 | 1611 KAROLKOWA
6%
1665 | 1666 | 1667 KINO BAŚŃ
6%
1686 | 1687 KLARYSEW
6%
1690 | 1691 | 1692 KLASYKÓW
6%
1761 KOLOROWA
6%
1783 | 1784 | 1785 KOMITETU OBRONY ROBOTNIKÓW
6%
1791 | 1792 KOMPUTEROWA
6%
1795 | 1796 KONCERTOWA
6%
1811 | 1812 KONWALIOWA
6%
1933 | 1934 KRÓTKA
6%
1940 | 1941 KRYNICZNA
6%
1969 | 1970 | 1971 | 1972 KS.SKORUPKI
6%
2003 | 2004 | 2005 KWIATOWA
6%
2018 | 2019 | 2020 LALKI
6%
2034 | 2035 LATCHORZEW
6%
2049 | 2050 LEGIONOWO
6%
2206 | 2207 | 2208 | 2209 MADALIŃSKIEGO
6%
2220 | 2221 MAGISTRACKA
6%
2286 | 2287 MARKOWSKA
6%
2495 | 2496 MICHALIN
6%
2534 | 2535 MILENIJNA
6%
2595 | 2596 MONTE CASSINO
6%
2607 | 2608 MOST GROTA-ROWECKIEGO
6%
2675 NA BATERYJCE
6%
2692 | 2693 NAŁĘCZOWSKA
6%
2759 | 2760 NOWA WIEŚ
6%
2880 | 2881 OGRODOWA
6%
2971 | 2972 OPOLSKA
6%
3024 | 3025 OS.ARBUZOWA
6%
3054 | 3055 OS.ISKRA
6%
3124 | 3125 | 3126 | 3127 OSMAŃSKA
6%
3183 PAŁACOWA
6%
3259 PASTUSZKÓW
6%
3339 | 3340 PIOTRA SKARGI
6%
3896 | 3897 PRZASNYSKA
6%
3986 | 3987 RADIOWA-WAT
6%
4189 | 4190 ROZŁUCKA
6%
4421 | 4422 SOBOCKA
6%
4620 | 4621 STRZYGŁOWSKA
6%
4649 | 4650 SYTA
6%
4730 | 4731 | 4732 | 4733 SZPITAL POŁUDNIOWY
6%
4749 | 4750 | 4751 SZWOLEŻERÓW
6%
4885 | 4886 | 4887 | +2 others TOR STEGNY
6%
4953 | 4954 | 4955 | 4956 UMIŃSKIEGO
6%
5084 WARSZTATOWA
6%
5269 | 5270 WOJNICKA
6%
5402 | 5403 ZABRANIECKA
6%
5495 | 5496 ZAWADY
6%
5535 | 5536 ZIELENIECKA
6%
5562 | 5563 ZWYCIĘZCÓW
6%
80 | 81 ALEJA BZÓW
5%
50 | 51 | 52 AL.PIŁSUDSKIEGO
5%
99 | 100 | 101 ANDRUTOWA
5%
158 | 159 | 160 | 161 AUGUSTÓWEK
5%
281 | 282 BIBLIOTEKA UNIWERSYTECKA
5%
369 BORKI
5%
429 | 430 BRYLOWSKA
5%
462 | 463 BUKOWSKIEGO
5%
607 | 608 | 609 | 610 CISZEWSKIEGO
5%
687 CYBULICE DUŻE
5%
774 | 775 DĄBRÓWKA SZLACHECKA
5%
760 | 761 DANKOWICKA
5%
1014 | 1015 | 1016 EKSPRESOWA
5%
1045 | 1046 ETIUDY REWOLUCYJNEJ
5%
1100 FRANCISZKAŃSKA
5%
1103 | 1104 GALLA ANONIMA
5%
1119 | 1120 GDECKA
5%
1121 | 1122 GEN.KUTRZEBY
5%
1211 | 1212 GÓRALSKA
5%
1195 | 1196 | 1197 | +4 others GORASZEWSKA
5%
1333 | 1334 | 1335 | 1336 HALLERA
5%
1408 | 1409 INOWŁODZKA
5%
1410 INSTALATORÓW
5%
1553 | 1554 KADETÓW-SZKOŁA
5%
1564 | 1565 KAKOWSKIEGO
5%
1591 KANAŁ ŻERAŃSKI
5%
1595 | 1596 KAPITULNA
5%
1599 | 1600 | 1601 KARCZUNKOWSKA
5%
1629 | 1630 | 1631 | 1632 KĄTY GRODZISKIE
5%
1711 | 1712 | 1713 KŁOBUCKA
5%
1733 | 1734 KOCZARGI NOWE
5%
1775 | 1776 | 1777 KOŁOWA
5%
1992 | 1993 KU WIŚLE
5%
2144 | 2145 ŁAGIEWNICKA
5%
2042 | 2043 LEBIODOWA
5%
2054 | 2055 LEKTYKARSKA
5%
2093 | 2094 LINDLEYA
5%
2171 | 2172 ŁOMIANKI-SZKOŁA
5%
2126 | 2127 LUBICZÓW
5%
2231 | 2232 MAKLAKIEWICZA
5%
2235 | 2236 MALBORSKA
5%
2241 | 2242 | 2243 | +2 others MALCZEWSKIEGO
5%
2249 | 2250 MALINOWSKIEGO
5%
2271 | 2272 | 2273 MAŃKI-WOJDY
5%
2285 MARIEW
5%
2338 | 2339 | 2340 | 2341 MENNICA
5%
2342 | 2343 MERA-PNEFAL
5%
2548 | 2549 MŁOCIŃSKA
5%
2763 | 2764 NOWAKA-JEZIORAŃSKIEGO
5%
2828 NOWY ZJAZD
5%
2843 | 2844 OBROŃCÓW TOBRUKU
5%
2866 ODOLANY
5%
2871 | 2872 | 2873 | 2874 ODYŃCA
5%
2894 | 2895 OGRODY DZIAŁKOWE NA SKRAJU
5%
2967 | 2968 OPACZEWSKA
5%
2993 | 2994 ORLĄT LWOWSKICH
5%
3096 | 3097 OS.RUDA
5%
3208 | 3209 PARK MAGICZNY
5%
3249 | 3250 PAROWCOWA
5%
3253 | 3254 PARTYZANTÓW
5%
3269 | 3270 | 3271 | 3272 PELCOWIZNA
5%
3523 PL.BERNARDYŃSKI
5%
3560 | 3561 PL.KRASIŃSKICH
5%
3506 | 3507 | 3508 PL. MAŁACHOWSKIEGO
5%
3494 | 3495 PL TYSIĄCLECIA
5%
3604 | 3605 PL.TYSIĄCLECIA
5%
3735 | 3736 | 3737 | 3738 POLINEZYJSKA
5%
3889 PRUSA
5%
3935 | 3936 PRZYBYSZEWSKIEGO
5%
4030 RECHNIEWSKIEGO
5%
4299 SARMACKA
5%
4317 SĘKOCIN
5%
4318 | 4319 | 4320 SĘKOCIN LAS
5%
4337 | 4338 SIEKIERKOWSKA
5%
4347 | 4348 | 4349 | +2 others SIENKIEWICZA
5%
4376 | 4377 | 4378 SKARBKA Z GÓR
5%
4765 | 4766 ŚMIGIELSKA
5%
4779 ŚRODKOWA
5%
4610 STRUSIA
5%
4709 | 4710 SZOBERA
5%
4741 | 4742 SZUBERTA
5%
4819 | 4820 TANGO
5%
4856 | 4857 TEOFILÓW
5%
4925 | 4926 TRUSKAWIECKA
5%
4976 | 4977 URSUS-SANKTUARIUM
5%
5045 | 5046 WALEWSKA
5%
5054 | 5055 | 5056 | 5057 WAŁOWICKA
5%
5178 | 5179 | 5180 WIERTNICZA
5%
5265 | 5266 WOJCIESZYN
5%
5363 | 5364 WYBRZEŻE SZCZECIŃSKIE
5%
5371 | 5372 | 5373 WYGODA
5%
5374 | 5375 WYJAZD
5%
5384 | 5385 WYSZYŃSKIEGO
5%
5396 | 5397 ZABORÓW-SZKOŁA
5%
5484 | 5485 ZARUSKIEGO
5%
5506 ZBÓJNA GÓRA
5%
5607 | 5608 ŻYRARDOWSKA
5%
67 | 68 | 69 | 70 AL.WOJSKA POLSKIEGO
4%
135 | 136 ARKADYJSKA
4%
177 | 178 BALKONOWA
4%
197 | 198 BARSZCZEWSKA
4%
199 | 200 BARTŁOMIEJA
4%
201 | 202 | 203 BARTNICZA
4%
227 | 228 BATALIONU WŁOCHY
4%
241 | 242 | 243 BELGRADZKA
4%
250 | 251 | 252 BEŁZY
4%
253 BENNETTA
4%
254 | 255 | 256 BERENSONA
4%
271 BIAŁOŁĘKA DWORSKA
4%
272 | 273 BIAŁOŁĘKA-KANAŁ
4%
298 | 299 BIEŻUŃSKA
4%
340 | 341 BOHATEREWICZA
4%
348 | 349 BOHUSZEWICZÓWNY
4%
387 | 388 BORZĘCIN DUŻY-SZKOŁA
4%
389 | 390 BORZĘCIN DUŻY-WIEŚ
4%
403 | 404 BRAZYLIJSKA
4%
432 | 433 BRZEZIŃSKA
4%
438 | 439 BUCHNIK
4%
440 | 441 BUDEXPO
4%
456 | 457 | 458 | 459 BUKOWIŃSKA
4%
460 | 461 BUKOWSKA
4%
481 | 482 BYTNARA
4%
511 | 512 CERAMICZNA
4%
552 | 553 | 554 | 555 CHŁOPICKIEGO
4%
577 CHOTOMÓW
4%
594 | 595 CIEPŁOWNIA KAWĘCZYN
4%
748 | 749 | 750 ĆMIELOWSKA
4%
616 | 617 CM.OFIAR WOJNY
4%
618 CM.POŁUDNIOWY-BRAMA PŁD.
4%
632 CM.PRAWOSŁAWNY
4%
751 | 752 ĆWIKLIŃSKIEJ
4%
712 | 713 CZARNUSZKI
4%
727 | 728 CZERWONA DROGA
4%
735 | 736 CZORSZTYŃSKA
4%
764 DARWINA
4%
791 DIAMENTOWA
4%
798 | 799 | 800 DKS TARGÓWEK
4%
815 | 816 DOBOSZA
4%
811 | 812 DO FORTU
4%
846 | 847 DORODNA
4%
848 | 849 DOSTAWCZA
4%
860 | 861 DROHICKA
4%
878 | 879 | 880 DUNIKOWSKIEGO
4%
1031 | 1032 | 1033 | 1034 ENERGETYCZNA
4%
1035 | 1036 ERAZMA Z ZAKROCZYMIA
4%
1071 FELIŃSKIEGO
4%
1075 | 1076 | 1077 | 1078 FIGOWA
4%
1106 | 1107 GARWOLIŃSKA
4%
1133 | 1134 GIERDZIEJEWSKIEGO
4%
1150 | 1151 GŁOWACKIEGO
4%
1184 | 1185 GOŁASZEWSKA
4%
1186 | 1187 | 1188 GOŁKOWSKA
4%
1215 | 1216 | 1217 GÓRKI
4%
1202 | 1203 GORZYKOWSKA
4%
1227 | 1228 GRANICZKA
4%
1270 | 1271 GRUPY AK ,,PÓŁNOC"
4%
1337 | 1338 | 1339 HANDLOWA
4%
1340 | 1341 HANKI ORDONÓWNY
4%
1344 | 1345 HASSA
4%
1346 | 1347 HENRYKA BRODATEGO
4%
1354 | 1355 | 1356 HERBSTA
4%
1359 | 1360 HIPODROM
4%
1361 | 1362 HŁASKI
4%
1363 | 1364 HOŁUBCOWA
4%
1404 | 1405 INDIRY GANDHI
4%
1431 | 1432 INSTYTUT NEUROLOGII
4%
1433 INSTYTUT REUMATOLOGII
4%
1437 | 1438 INTERNETOWA
4%
1456 | 1457 | 1458 IZBICKA-CMENTARZ
4%
1479 | 1480 JANÓW
4%
1482 | 1483 JARA
4%
1506 | 1507 JESIONOWA
4%
1519 | 1520 JOLIOT-CURIE
4%
1551 | 1552 KADETÓW-KOŚCIÓŁ
4%
1555 | 1556 KAFLOWA
4%
1557 | 1558 KAJETANY
4%
1576 | 1577 KAMIŃSKIEGO
4%
1593 | 1594 KAPELI
4%
1597 | 1598 KARCZOCHA
4%
1650 | 1651 KIEŁPIN
4%
1688 | 1689 KLARYSEWSKA
4%
1710 KLUB LIRA
4%
1718 | 1719 KOBIAŁKA
4%
1729 | 1730 KOCJANA-BOCZNICA
4%
1731 | 1732 KOCJANA-SĄDY
4%
1793 | 1794 KONARSKIEGO
4%
1799 | 1800 KONDUKTORSKA
4%
1816 KOŃSKI JAR
4%
1826 | 1827 | 1828 | 1829 KORBOŃSKIEGO
4%
1834 KORKOWA-CMENTARZ
4%
1843 | 1844 KOSIARZY
4%
1854 | 1855 KOSZALIŃSKA
4%
1905 | 1906 KRASICKIEGO
4%
1909 KRAŚNICKA
4%
1907 KRASNOWOLA
4%
1927 | 1928 KRÓLOWEJ BONY
4%
1942 | 1943 KRYNOLINY
4%
1977 | 1978 KSAWERÓW
4%
1986 KSIĘCIA ZIEMOWITA
4%
1990 | 1991 KSIĘŻYCOWA
4%
1952 KS POLONEZ
4%
2056 | 2057 LELEWELA
4%
2085 | 2086 LEŻAJSKA
4%
2087 | 2088 LILIOWA
4%
2089 | 2090 LIMANOWSKIEGO
4%
2099 | 2100 | 2101 | 2102 LIPOWA
4%
2164 | 2165 | 2166 ŁOJEWSKA
4%
2210 | 2211 | 2212 | 2213 MADALIŃSKIEGO-SZPITAL
4%
2214 | 2215 MAGDALENKA
4%
2276 | 2277 | 2278 MARCELIN
4%
2318 | 2319 MATUSZEWSKA
4%
2324 | 2325 MEGASAM
4%
2334 | 2335 MEKSYKAŃSKA
4%
2522 | 2523 | 2524 | +7 others MIKLASZEWSKIEGO
4%
2532 | 2533 MIKOŁAJSKA
4%
2558 | 2559 MŁYN MICHLA
4%
2574 | 2575 MODLIŃSKA
4%
2578 | 2579 | 2580 MODZELEWSKIEGO
4%
2583 | 2584 | 2585 MOKRY ŁUG
4%
2588 | 2589 MOŁDAWSKA
4%
2664 | 2665 | 2666 | +2 others MYSIADŁO
4%
2669 | 2670 | 2671 MYSZKOWSKA
4%
2686 | 2687 NADWIŚLAŃSKA
4%
2705 | 2706 NARWIK
4%
2748 | 2749 | 2750 | 2751 NORWIDA
4%
2752 | 2753 NOSKOWSKIEGO
4%
2786 | 2787 | 2788 NOWODWORSKA
4%
2862 | 2863 ODKRYTA
4%
2890 | 2891 OGRODY DZIAŁKOWE CZERNIAKÓW
4%
2892 | 2893 OGRODY DZIAŁKOWE KAWĘCZYN
4%
2896 | 2897 OGRODY DZIAŁKOWE PALUCH
4%
2898 | 2899 OGRODY DZIAŁKOWE PIASKI
4%
2900 | 2901 OGRODY DZIAŁKOWE WILANÓWKA
4%
2933 | 2934 OKRĄGŁA
4%
2951 OLECKA
4%
2959 | 2960 | 2961 | +2 others OŁÓWKOWA
4%
2953 | 2954 | 2955 | 2956 OLSZOWA
4%
3006 | 3007 ORZESZKOWEJ
4%
3012 | 3013 OS. LEWANDÓW I
4%
3122 | 3123 OSMAŃCZYKA
4%
3128 OSMAŃSKA-DHL
4%
3020 | 3021 OS. POZYTYWNY MOKOTÓW
4%
3146 | 3147 | 3148 OŚRODEK WOJSKOWY
4%
3010 | 3011 OS ZIELONY STAW
4%
3168 | 3169 | 3170 PADEREWSKIEGO
4%
3185 | 3186 PANCERZ
4%
3187 | 3188 | 3189 | 3190 PAŃSKA
4%
3277 PERKUNA
4%
3314 | 3315 PICASSA
4%
3324 | 3325 PIĘCIOLINII
4%
3377 | 3378 PKP MICHAŁÓW-REGINÓW
4%
3511 | 3512 PL. OSTREJ BRAMY
4%
3672 | 3673 | 3674 PŁYTOWA
4%
3675 | 3676 POBORZAŃSKA
4%
3681 | 3682 POCZTY GDANSKIEJ
4%
3688 | 3689 PODBIAŁOWA
4%
3694 | 3695 | 3696 | 3697 PODGÓRNA
4%
3718 | 3719 PODWÓJNA
4%
3720 | 3721 PODZAMCZE
4%
3731 | 3732 POLFA
4%
3759 | 3760 | 3761 | 3762 POLSKIE RADIO
4%
3781 | 3782 | 3783 | +3 others POMORSKA
4%
3831 | 3832 POWĄZKI-CM.WOJSKOWY
4%
3833 | 3834 POWĄZKI-IV BRAMA
4%
3829 | 3830 POWĄZKI - VI BRAMA
4%
3877 | 3878 PRĄDZYŃSKIEGO
4%
3875 | 3876 PRAŻMOWSKA
4%
3894 | 3895 PRYSTORA
4%
3906 | 3907 PRZEDPOLE
4%
3932 | 3933 PRZY GRODZISKU
4%
3961 | 3962 | 3963 PUSTELNIK
4%
3964 | 3965 PUSTOLA
4%
3968 | 3969 RAABEGO
4%
3970 | 3971 | 3972 | 3973 RACIBORSKA
4%
3974 | 3975 RACJONALIZACJI
4%
3976 | 3977 RADAROWA
4%
3978 | 3979 RADIOSTACJA ŁAZY
4%
3995 | 3996 RADOŚĆ-WODOCIĄG
4%
4042 | 4043 | 4044 | 4045 REJTANA
4%
4051 | 4052 REMBERTOW-AKADEMIA
4%
4060 REMBERTÓW-STRZELNICA
4%
4077 | 4078 RODŁA
4%
4090 | 4091 | 4092 | 4093 ROLNA
4%
4097 | 4098 ROMANTYCZNA
4%
4166 | 4167 RONDO ŻABCZYŃSKIEGO
4%
4194 | 4195 RÓŻANA
4%
4183 | 4184 ROZCHODNIKOWA
4%
4202 RUDNICKIEGO
4%
4211 | 4212 RUSIEC
4%
4220 | 4221 | 4222 | 4223 RYBNA
4%
4233 | 4234 RYDYGIERA
4%
4249 RZESZOTARSKIEJ
4%
4309 | 4310 SĄGI
4%
4313 | 4314 SCHRONISKO DLA ZWIERZĄT
4%
4361 SIERAKÓW
4%
4362 | 4363 | 4364 | +2 others SIKORSKIEGO
4%
4367 | 4368 SITOWIE
4%
4379 SKIBIŃSKIEGO
4%
4384 SKOROCHÓD-MAJEWSKIEGO
4%
4406 | 4407 | 4408 | 4409 SMOLUCHOWSKIEGO
4%
4771 | 4772 ŚNIEGOCKIEJ
4%
4424 | 4425 | 4426 | 4427 SOKOLA
4%
4443 | 4444 SOŁTYKA
4%
4445 | 4446 | 4447 | +3 others SOSNKOWSKIEGO
4%
4482 | 4483 SPADOWA
4%
4516 | 4517 | 4518 | 4519 STANIEWICKA
4%
4543 | 4544 | 4545 STARODĘBY
4%
4549 | 4550 STAROWIEJSKA
4%
4555 | 4556 STASZICA
4%
4557 | 4558 | 4559 STATKOWSKIEGO
4%
4566 | 4567 STAWY
4%
4580 | 4581 STĘPIŃSKA
4%
4626 SULEJÓWEK MIŁOSNA
4%
4631 | 4632 | 4633 SUWALSKA
4%
4782 ŚW.A.BOBOLI
4%
4795 ŚWIDER-KOŚCIÓŁ
4%
4798 | 4799 ŚWIDRY MAŁE
4%
4800 | 4801 ŚWIDRY WIELKIE
4%
4780 | 4781 ŚW. U. LEDÓCHOWSKIEJ
4%
4638 | 4639 | 4640 | 4641 SYMPATYCZNA
4%
4655 | 4656 SZAMOCIN
4%
4658 | 4659 SZANCERA
4%
4679 | 4680 | 4681 SZELIGOWSKA
4%
4684 | 4685 SZEROKA
4%
4724 | 4725 | 4726 | 4727 SZPITAL MSWiA
4%
4815 | 4816 TALAROWA
4%
4836 | 4837 TARNOWIECKA
4%
4852 | 4853 | 4854 | 4855 TELIGI
4%
4866 | 4867 TŁUCHOWSKA
4%
4907 | 4908 TRAKT LUBELSKI-LAS
4%
4916 | 4917 TRENÓW
4%
4918 | 4919 TRENÓW-LAS
4%
4940 | 4941 TYLŻYCKA
4%
4995 | 4996 | 4997 | 4998 URSYNÓW ZACH.
4%
5037 | 5038 WAGONOWNIA
4%
5053 WAŁBRZYSKA-CMENTARZ
4%
5039 | 5040 | 5041 | 5042 WALECZNYCH
4%
5043 | 5044 WALEREGO SŁAWKA
4%
5067 | 5068 WARNEŃSKA
4%
5085 | 5086 WARTKA
4%
5089 | 5090 WARZELNICZA
4%
5091 | 5092 WARZELNICZA-SZKOŁA
4%
5132 | 5133 WĘDKARSKA
4%
5125 | 5126 WERSALSKA
4%
5161 | 5162 WIEDEŃSKA
4%
5175 | 5176 WIELOWIEJSKA
4%
5181 | 5182 WIERUCHOWSKA
4%
5183 | 5184 WIERZBIN
4%
5229 | 5230 WIŚLICKA
4%
5246 | 5247 WŁADYSŁAWA HERMANA
4%
5263 | 5264 WOJCIECHOWSKIEGO
4%
5320 | 5321 WÓLCZYŃSKA-BOCZNICA
4%
5369 | 5370 WYGLĘDY
4%
5382 | 5383 WYSZOGRODZKA
4%
5398 | 5399 ZABORÓWEK-OSIEDLE
4%
5400 | 5401 ZABORÓWEK-WIEŚ
4%
5412 | 5413 | 5414 ZACHĘTA
4%
5419 | 5420 | 5421 ZAGŁOBY
4%
5436 | 5437 ZAJEZDNIA URSUS PŁN.
4%
5466 | 5467 ZAMENHOFA
4%
5482 | 5483 ZARUBY
4%
5492 | 5493 ZAUŁEK
4%
5494 ZAUŁEK-SZKOŁA
4%
5509 | 5510 ZBYSZKA Z BOGDAŃCA
4%
5517 | 5518 ZEGARYNKI
4%
5544 ZIELONEJ GĘSI
4%
5547 | 5548 | 5549 ZIELONKI-WIEŚ
4%
5585 | 5586 ŻIŻKI
4%
5552 ZŁOTOKŁOS
4%
5603 | 5604 ŻUROMIŃSKA
4%
5559 | 5560 | 5561 ZWOLEŃSKA
4%
5611 | 5612 ŻYWIECKA
4%
117 | 118 ANTONIEWSKA
3%
119 | 120 ANUSIN
3%
263 | 264 BERGAMOTKI
3%
393 | 394 | 395 | 396 BRACI ZAWADZKICH
3%
413 | 414 BROŻKA
3%
427 | 428 BRUZDOWA-KOŚCIÓŁ
3%
434 | 435 BRZOZOWA
3%
454 | 455 BUKOWIECKA
3%
483 | 484 CALOWA
3%
485 | 486 CEGLANA
3%
543 | 544 | 545 | 546 CHĘCIŃSKA
3%
550 | 551 CHŁODNIA
3%
580 | 581 CHUDOBY
3%
602 | 603 | 604 CIOŁKA
3%
605 | 606 CIOŁKOSZA
3%
619 | 620 CM.POŁUDNIOWY-BRAMA WSCH.
3%
677 | 678 CUKROWNICZA
3%
692 | 693 CYLICHOWSKA
3%
694 | 695 CYNAMONOWA
3%
722 | 723 CZEREMCHOWA
3%
758 | 759 DANISZEWSKA
3%
842 | 843 DOMANIEWSKA OFFICE PARK
3%
844 | 845 DOMINIKAŃSKA
3%
875 | 876 | 877 DUCHNICKA
3%
985 | 986 DZIELNICOWA
3%
987 | 988 DZIERZGOŃSKA
3%
991 | 992 DZIEWANOWSKA
3%
1008 | 1009 ECHA LEŚNE
3%
1037 | 1038 ESKULAPÓW
3%
1047 | 1048 EUROPEJSKA
3%
1053 | 1054 FABRYKA POMP
3%
1069 | 1070 FARBIARSKA
3%
1081 | 1082 FLETNIOWA
3%
1113 | 1114 GAZOWNIA
3%
1159 | 1160 GNIEWKOWSKA
3%
1273 | 1274 GRUSZY
3%
1277 | 1278 GRZEGORZEWSKIEJ
3%
1323 | 1324 | 1325 HALA SPORTOWA BEMOWO
3%
1388 HUBALA-DOBRZAŃSKIEGO
3%
1391 | 1392 HUTNICZA
3%
1422 | 1423 | 1424 INSTYTUT HEMATOLOGII
3%
1484 | 1485 JARACZA
3%
1514 | 1515 JEZIORKO CZERNIAKOWSKIE
3%
1523 | 1524 | 1525 JÓRSKIEGO
3%
1528 | 1529 JUHASÓW
3%
1544 | 1545 JURANDA ZE SPYCHOWA-SZKOŁA
3%
1639 | 1640 KĘPA OKRZEWSKA
3%
1684 | 1685 KLAMROWA
3%
1707 | 1708 KLIMONTOWSKA
3%
1839 | 1840 KORSAKA
3%
1841 | 1842 KOSAĆCOWA
3%
1856 | 1857 KOSZAŁKA OPAŁKA
3%
1886 | 1887 KOWIEŃSKA
3%
1912 | 1913 KROKWI
3%
1946 KRZESIWA
3%
1984 | 1985 KSIĘCIA BOLESŁAWA
3%
1987 | 1988 | 1989 KSIĘŻNEJ ANNY
3%
1967 | 1968 KS.SITNIKA
3%
2051 | 2052 LEGIONOWO PIASKI
3%
2077 | 2078 LEŚNEJ POLANKI
3%
2191 | 2192 ŁUBINOWA
3%
2128 | 2129 | 2130 | 2131 LUCERNY
3%
2132 | 2133 LUSIŃSKA
3%
2216 | 2217 MAGELLANA
3%
2218 | 2219 MAGIERA
3%
2267 | 2268 MANDARYNKI
3%
2311 | 2312 MARYWILSKA - LAS
3%
2313 | 2314 MARYWILSKA-LAS
3%
2315 | 2316 MASZEWSKA
3%
2321 MAZURSKA
3%
2322 | 2323 MEBLOWA
3%
2336 | 2337 MELCERA
3%
2538 | 2539 MIŁOBĘDZKA
3%
2546 MŁOCHÓW
3%
2576 | 2577 MODRA
3%
2625 | 2626 MOŚCISKA
3%
2683 | 2684 NADARZYŃSKA
3%
2714 | 2715 NAUCZYCIELSKA
3%
2829 | 2830 NUGAT
3%
2845 | 2846 OBRZEŻNA
3%
2856 | 2857 | 2858 OCZAPOWSKIEGO
3%
2888 | 2889 OGRODY DZIAŁKOWE BUDOWLANI II
3%
2902 | 2903 OGRODY PRZYJACIÓŁ
3%
2921 | 2922 OKNICKA
3%
2937 OKRĘŻNA
3%
2942 | 2943 OKRZESZYN
3%
2969 | 2970 OPŁOTEK
3%
2975 | 2976 ORCHOWIECKA
3%
3008 | 3009 ORZYCKA
3%
3071 | 3072 OS.LEŚNE
3%
3077 | 3078 OS.MARYWILSKA
3%
3079 | 3080 OS.MŁODYCH
3%
3134 | 3135 OSTRÓDZKA-SZKOŁA
3%
3099 | 3100 | 3101 OS.VICTORIA
3%
3171 | 3172 PALISADOWA
3%
3173 | 3174 PALMIRY
3%
3184 PANCERA
3%
3193 PARCELACYJNA
3%
3222 | 3223 PARK POSTĘPU
3%
3251 | 3252 PAROWOZOWA
3%
3267 | 3268 PATKOWSKIEGO
3%
3273 | 3274 PELIKANÓW
3%
3300 | 3301 PIASTA
3%
3341 | 3342 PIRENEJSKA
3%
3654 | 3655 PŁASKOWICKIEJ
3%
3652 | 3653 PLUTONU TORPEDY
3%
3670 | 3671 PŁUŻNICKA
3%
3698 PODKOWIŃSKA
3%
3714 | 3715 | 3716 | 3717 PODSKARBIŃSKA
3%
3801 | 3802 PORAJÓW
3%
3908 PRZEJAZD
3%
3914 | 3915 PRZELOTOWA
3%
3921 | 3922 PRZEPIÓRKI
3%
3930 | 3931 PRZY BAŻANTARNI
3%
3944 | 3945 PRZYJAZNA
3%
3934 PRZY PARKU
3%
3990 | 3991 RADIOWO-BOCZNICA
3%
4084 | 4085 ROKOKOWA
3%
4170 | 4171 | 4172 ROSOCHATA
3%
4224 | 4225 RYBNICKA
3%
4246 | 4247 | 4248 RZEMIEŚLNICZA
3%
4289 | 4290 SAMSONOWSKA
3%
4311 | 4312 SCHROEGERA
3%
4326 | 4327 SIARCZANA
3%
4328 | 4329 SIECZNA
3%
4356 | 4357 | 4358 SIERAKOWSKA
3%
4371 | 4372 | 4373 SIWIŃSKIEGO
3%
4773 | 4774 ŚNIEŻNA
3%
4451 | 4452 | 4453 SOSNOWA
3%
4458 | 4459 SOWIA WOLA-FOLWARCZNA
3%
4488 | 4489 | 4490 | 4491 SPISAKA
3%
4530 STARA WIEŚ
3%
4541 | 4542 STAREGO DĘBU
3%
4548 STAROSTWO POWIATOWE
3%
4551 | 4552 STARY SĘKOCIN
3%
4553 | 4554 STARZYŃSKIEGO
3%
4606 | 4607 | 4608 | 4609 STRUMYKOWA
3%
4612 | 4613 | 4614 | 4615 STRYJEŃSKICH
3%
4616 | 4617 | 4618 | 4619 STRZELECKIEGO
3%
4622 | 4623 SUCHY LAS
3%
4651 | 4652 SZACHOWA
3%
4682 | 4683 SZELIGOWSKA WIADUKT
3%
4707 | 4708 SZLACHECKA
3%
4722 | 4723 SZPITAL GROCHOWSKI
3%
4754 | 4755 SZYMAŃSKIEGO
3%
4840 | 4841 TATARSKA
3%
4879 | 4880 TOPOGRAFICZNA
3%
4882 | 4883 TOR KOLARSKI
3%
4884 TOR SŁUŻEWIEC
3%
4929 | 4930 TUŁOWICKA
3%
4931 | 4932 TURMONCKA
3%
4937 | 4938 TUŻYCKA
3%
4945 | 4946 TYTUŁOWA
3%
5023 | 5024 VERDIEGO
3%
5062 WAPOWSKIEGO
3%
5065 | 5066 WARMIŃSKA
3%
5087 | 5088 WARYŃSKIEGO
3%
5114 | 5115 WĄWOZOWA
3%
5157 | 5158 WIDOKOWA
3%
5177 WIERNA
3%
5341 | 5342 | 5343 | 5344 WRZOSOWA
3%
5357 | 5358 WSPÓŁCZESNA
3%
5406 ZABRANIECKA-MAGAZYNY
3%
5450 | 5451 ZAKŁADY ZBOŻOWE
3%
5454 | 5455 ZAKRZEWSKA
3%
5480 | 5481 ZAPUSTNA
3%
5507 | 5508 ZBÓJNOGÓRSKA
3%
5587 | 5588 ŻOŁNIERSKA
3%
82 | 83 ALEJA HRABSKA
2%
143 | 144 ARONIOWA
2%
223 | 224 BATALIONU MIOTŁA
2%
257 | 258 BERENSONA-KANAŁ
2%
265 | 266 BIAŁOBRZEGI
2%
283 | 284 BIEGUNOWA
2%
316 | 317 BLOKOWA
2%
322 BOBROWIEC
2%
331 | 332 BOGATKI
2%
357 BOLESŁAWA ŚMIAŁEGO
2%
362 BONIFRATERSKA
2%
391 | 392 BRACI WAGÓW
2%
409 | 410 | 411 BRONOWSKA
2%
425 | 426 BRUSZEWSKA
2%
450 | 451 | 452 | 453 BUDZYŃSKIEJ-TYLICKIEJ
2%
489 | 490 CEMENTOWNIA
2%
541 | 542 CHEMICZNA
2%
562 | 563 | 564 | 565 CHODKIEWICZA
2%
531 | 532 CH WÓLKA KOSOWSKA
2%
660 | 661 CMENTARZ 1920R.
2%
725 | 726 CZERWIŃSKA
2%
762 | 763 DANUSI
2%
807 | 808 DŁUGORZECZNA
2%
856 | 857 DROGOWA
2%
858 | 859 DROGOWCÓW
2%
881 | 882 | 883 DURACZA
2%
1012 | 1013 EKOLOGICZNA
2%
1096 | 1097 FORTOWA
2%
1117 | 1118 GĄSOCIŃSKA
2%
1206 | 1207 GOŚCIERADOWSKA
2%
1275 | 1276 GRYFITÓW
2%
1298 | 1299 GWARKÓW
2%
1343 HARNASIE
2%
1353 HENRYKÓW-UROCZE
2%
1357 | 1358 HETMAŃSKA
2%
1369 | 1370 HORNÓWEK
2%
1435 | 1436 INSUREKCJI
2%
1452 | 1453 IWICZNA
2%
1459 JACHOWICZA
2%
1476 | 1477 JANKI MAŁE
2%
1481 JANÓW-MIKOŁAJÓWKA
2%
1478 JANOWSKIEGO
2%
1499 | 1500 JERZEGO
2%
1512 | 1513 JEZIORKI PŁN.
2%
1566 | 1567 KALENICA
2%
1589 | 1590 KANAŁ NOWE UJŚCIE
2%
1720 | 1721 KOBIAŁKA-SZKOŁA
2%
1735 | 1736 KOCZARGI STARE
2%
1786 KOMORNICA-SZKOŁA
2%
1821 | 1822 KOPIJNIKÓW
2%
1891 | 1892 KÓRNICKA
2%
1888 | 1889 KOZIELSKA
2%
1903 | 1904 KRAŃCOWA
2%
1944 | 1945 KRZEMIENNA
2%
1947 KRZEWNA
2%
1950 | 1951 KRZYŻANOWSKIEGO
2%
1955 KS.BOGUCKIEGO
2%
1997 | 1998 KUSOCIŃSKIEGO
2%
1999 | 2000 KUŹNICY KOŁŁĄTAJOWSKIEJ
2%
2010 | 2011 KWIRYNÓW
2%
2038 | 2039 LAUROWA
2%
2068 | 2069 LESZNOWOLA
2%
2072 | 2073 LESZYCKIEGO
2%
2082 | 2083 LEWINOWSKA
2%
2107 | 2108 LIPY
2%
2114 | 2115 LOKAJSKIEGO
2%
2167 | 2168 ŁOKIETKA
2%
2185 | 2186 ŁOWCZA
2%
2257 | 2258 MAŁEGO RYCERZA
2%
2265 | 2266 MAŁYCH DĘBÓW
2%
2274 | 2275 MAŃKOWSKA
2%
2570 | 2571 MOCHTYŃSKA
2%
2572 | 2573 MOCHTYŃSKA-KANAŁ
2%
2586 | 2587 MOKRY ŁUG LEŚNICZÓWKA
2%
2623 | 2624 MOŚCICKIEGO
2%
2629 | 2630 | 2631 MOZAIKOWA
2%
2688 | 2689 NALEWKI
2%
2722 NIEMCEWICZA
2%
2784 | 2785 NOWINY
2%
2809 | 2810 NOWOTYSKA
2%
2824 | 2825 NOWY SĘKOCIN
2%
2859 OCZYSZCZALNIA "CZAJKA"
2%
2867 | 2868 ODRĘBNA
2%
2907 | 2908 OGRÓD DZIAŁKOWY IM. WARNEŃCZYKA
2%
2878 | 2879 OGRODNICZA
2%
2909 | 2910 OJCA ANICETA
2%
2973 | 2974 ORACZY
2%
3029 | 3030 OS.BERNARDYŃSKA
2%
3118 | 3119 OSIEDLE MŁODYCH
2%
3065 | 3066 OS.KONSTANCJA
2%
3069 | 3070 OS.LAS
2%
3014 | 3015 OS. NOWY MOKOTÓW
2%
3082 | 3083 OS.OLSZYNY
2%
3018 | 3019 OS. PANIEŃSKA
2%
3086 | 3087 OS.PATIO
2%
3106 | 3107 | 3108 | +2 others OS.WOLSKA
2%
3022 | 3023 OS. ZIELONA DOLINA
2%
3195 | 3196 PARK BRÓDNOWSKI
2%
3265 | 3266 PASZKÓW
2%
3329 | 3330 | 3331 PILCHA
2%
3684 | 3685 POD KAJETANY
2%
3686 | 3687 POD SZCZAKI
2%
3823 | 3824 POŚREDNIA
2%
3827 | 3828 POTULICKA
2%
3881 | 3882 PRĘTOWA
2%
3909 | 3910 PRZEJEZDNA
2%
3911 | 3912 | 3913 PRZEKORNA
2%
3923 | 3924 PRZEWODOWA
2%
3941 | 3942 | 3943 PRZYDROŻNA
2%
3954 PSZENICZNA
2%
3957 | 3958 PUCHAŁY
2%
4028 | 4029 REBUSOWA
2%
4048 | 4049 | 4050 REMBELSZCZYZNA
2%
4068 | 4069 | 4070 | 4071 REZEDOWA
2%
4082 | 4083 ROGOWSKA
2%
4088 | 4089 ROLANDA
2%
4096 ROLNICZA
2%
4216 RYBAŁTÓW
2%
4237 RYNIA
2%
4242 | 4243 | 4244 | 4245 RZECZNA
2%
4250 | 4251 | 4252 | +3 others RZYMOWSKIEGO
2%
4258 | 4259 SADKOWSKA
2%
4278 | 4279 SAGALI
2%
4282 | 4283 SAMARYTANKA
2%
4315 SEZAM
2%
4380 | 4381 SKŁADKOWSKIEGO
2%
4398 | 4399 SŁUPNO
2%
4410 | 4411 SMUGOWA
2%
4432 | 4433 SOKOŁOWSKIEGO
2%
4775 | 4776 ŚPIEWAKÓW
2%
4486 | 4487 SPIRALNA
2%
4492 SPISKA
2%
4520 | 4521 STANISŁAWÓW
2%
4536 STARE KABATY
2%
4592 | 4593 STOKROTKI
2%
4598 STRĄKOWA
2%
4601 | 4602 | 4603 STRUGA
2%
4634 | 4635 SUZINA
2%
4803 | 4804 | 4805 | 4806 ŚWIĘTOJERSKA
2%
4653 | 4654 SZAFARZY
2%
4711 | 4712 SZOLC-ROGOZIŃSKIEGO
2%
4752 | 4753 SZYMANOWSKIEGO
2%
4813 | 4814 TAGORE'A
2%
4817 | 4818 TANECZNA
2%
4832 | 4833 | 4834 TARGÓWEK-RATUSZ
2%
4961 | 4962 | 4963 URBANISTÓW
2%
4978 | 4979 | 4980 | 4981 URSYNOWSKA
2%
5016 URZUT
2%
5058 | 5059 WAŁUSZEWSKA
2%
5063 | 5064 WARCHAŁOWSKIEGO
2%
5173 | 5174 WIELKIEGO DĘBU
2%
5210 | 5211 WILKOWIECKA
2%
5218 | 5219 WIOLINOWA
2%
5227 | 5228 WIRAŻOWA
2%
5259 | 5260 WODNIAKÓW
2%
5367 | 5368 WYGLĘDOWSKA
2%
5566 ŻABIENIEC
2%
5404 | 5405 ZABRANIECKA-BOCZNICA
2%
5456 | 5457 ZALESIE DOLNE
2%
5475 ZAOLZIAŃSKA
2%
5476 | 5477 ZAPLECZE
2%
5490 | 5491 ZAŚCIANKOWA
2%
5499 | 5500 ZAWODZIE
2%
5519 | 5520 | 5521 ZEGRZE PŁD.
2%
5522 | 5523 | 5524 | 5525 ZEGRZYŃSKA
2%
5605 | 5606 ŻWIROWA
2%
5564 | 5565 ZYNDRAMA Z MASZKOWIC
2%
39 | 40 AL.JEDNOŚCI
1%
59 | 60 AL.SYBIRAKÓW
1%
121 | 122 ANUSINEK
1%
155 | 156 ATRAKCYJNA
1%
169 | 170 BADYLARSKA
1%
238 BĄKÓWKA
1%
173 | 174 BALETOWA
1%
189 | 190 BANDURSKIEGO
1%
207 BARTOSZYCKA
1%
212 | 213 BARTYKI
1%
218 BASZKÓWKA
1%
244 | 245 BELLOTTIEGO
1%
323 | 324 | 325 | 326 BOBROWIECKA
1%
327 | 328 BODYCHA
1%
342 | 343 BOHATERÓW WARSZAWY
1%
346 | 347 BOHUNA
1%
356 BOLESŁAWA KRZYWOUSTEGO
1%
363 | 364 BONY
1%
436 | 437 BUCHALTERYJNA
1%
467 | 468 BUŁAWY
1%
472 | 473 BYDGOSKA
1%
480 BYSTRZYCKA
1%
508 CENTRUM TARGOWE
1%
515 | 516 | 517 CH BŁĘKITNE
1%
576 CHOTOMOWSKA
1%
582 | 583 CHYLICE
1%
584 | 585 CHYLICZKI
1%
586 | 587 | 588 CHYLICZKOWSKA-TECHNIKUM
1%
592 | 593 CIEPLARNIANA
1%
662 CMENTARZ MARKI
1%
690 | 691 CYKLAMENÓW
1%
698 | 699 | 700 | 701 CYPRYSOWA
1%
718 | 719 CZEKANOWSKA
1%
733 | 734 CZOŁGISTÓW
1%
745 | 746 CZWARTAKÓW
1%
770 | 771 DĄBROWSZCZAKÓW
1%
813 | 814 DOBKA Z OLEŚNICY
1%
850 | 851 DRACENY
1%
852 | 853 DRAGONÓW
1%
854 | 855 DROBIARSKA
1%
862 | 863 DROHOBYCKA
1%
864 | 865 DRZEWIECKIEGO
1%
980 | 981 DZIEKANÓWEK
1%
976 | 977 DZIEKANÓW POLSKI CENTRUM
1%
978 | 979 DZIEKANÓW POLSKI WSCHÓD
1%
1025 | 1026 EMILII GIERCZAK
1%
1055 | 1056 | 1057 | +2 others FALENCKA
1%
1062 FALENTY DUŻE
1%
1079 | 1080 FLAMENCO
1%
1083 FLORIANA
1%
1098 | 1099 FRACHTOWA
1%
1115 | 1116 GĄSEK
1%
1127 | 1128 GEN.ROI
1%
1131 | 1132 GEODEZYJNA
1%
1138 | 1139 GLEBOWA
1%
1144 | 1145 GŁOGI
1%
1146 GŁOSKÓW-LETNISKO
1%
1147 | 1148 GŁOSKÓW-SZKOŁA
1%
1181 GODEBSKIEGO
1%
1189 | 1190 GOŁKÓW-LETNISKO
1%
1191 | 1192 GOŁKÓW-WIEŚ
1%
1193 | 1194 GONTARSKA
1%
1219 | 1220 GRABALÓWKI
1%
1221 | 1222 GRABINA
1%
1241 | 1242 GRATYNY
1%
1262 | 1263 GROSZÓWKA
1%
1268 | 1269 GRUNTOWA
1%
1307 | 1308 HABDZIN I
1%
1309 | 1310 HABDZIN II
1%
1311 | 1312 HABDZIN III
1%
1313 | 1314 HABDZIN IV
1%
1342 HARFOWA
1%
1348 HENRYKA PROBUSA
1%
1375 | 1376 HOSPICJUM ONKOLOGICZNE
1%
1387 HRABSKA DROGA
1%
1411 | 1412 | 1413 INSTALATORÓW-KAM
1%
1414 INSTALATORÓW-KIS
1%
1425 | 1426 INSTYTUT KARDIOLOGII
1%
1445 ISKRY
1%
1460 | 1461 JACHTOWA
1%
1464 | 1465 JADWISIN
1%
1468 | 1469 JAGIELSKA
1%
1488 | 1489 JARZĘBINOWA
1%
1490 JASIELSKA
1%
1495 JASTRZĘBIEC
1%
1504 | 1505 JESIONKA
1%
1508 | 1509 JESIOTROWA
1%
1521 | 1522 JONTKA
1%
1568 | 1569 KALINOWA DROGA
1%
1570 | 1571 KALORYCZNA
1%
1585 | 1586 KAMYKOWA
1%
1592 KANARKOWA
1%
1616 | 1617 KASPROWICZA
1%
1620 | 1621 KATIUSZY
1%
1641 KĘPA OKRZEWSKA-CMENTARZ
1%
1652 | 1653 KIEŁPIN-CMENTARZ
1%
1654 | 1655 KIEPURY
1%
1682 | 1683 KISIELEWSKIEGO
1%
1693 | 1694 KLASZTORNA
1%
1737 | 1738 KOLARSKA
1%
1739 | 1740 KOLEJKA PIASECZYŃSKA
1%
1752 | 1753 | 1754 KOLONIA LESZNOWOLA
1%
1759 | 1760 KOLONIA WARSZAWSKA
1%
1787 KOMOROWSKA
1%
1788 KOMOROWSKA-HOTEL
1%
1789 | 1790 KOMPASOWA
1%
1817 | 1818 KOPCIŃSKIEGO
1%
1830 | 1831 KORCZAKA
1%
1832 | 1833 KORDIANA
1%
1862 | 1863 | 1864 KOŚCIELISKA
1%
1845 KOSODRZEWINY
1%
1847 | 1848 KOSSAKA
1%
1849 KOSTOWIEC
1%
1852 | 1853 KOSYNIERÓW
1%
1890 KOŹMIŃSKA
1%
1900 KRAKOWIANY
1%
1901 | 1902 KRAKUSA
1%
1908 KRASZEWSKIEGO
1%
1948 | 1949 KRZYWA
1%
1957 | 1958 KS.CZARTORYSKIEJ
1%
1975 | 1976 KS.SZULCZYKA
1%
2016 | 2017 KWITNĄCEJ AKACJI
1%
2137 | 2138 | 2139 ŁABISZYŃSKA
1%
2159 ŁĄCZYNY
1%
2021 | 2022 | 2023 | 2024 LAMINA
1%
2025 | 2026 | 2027 LANCIEGO
1%
2148 | 2149 | 2150 | 2151 ŁASAKA
1%
2040 | 2041 LAWINOWA
1%
2047 | 2048 LEGIONOWA
1%
2058 | 2059 LERCHA
1%
2079 LEŚNICZÓWKA
1%
2060 | 2061 LESZCZYNKA
1%
2070 | 2071 LESZNOWOLA-POLE
1%
2091 | 2092 LIMBY
1%
2095 | 2096 LIPKÓW
1%
2109 | 2110 LISTONOSZY
1%
2112 | 2113 LNIANA
1%
2180 | 2181 ŁOSIA WÓLKA PÓŁNOCNA
1%
2184 ŁOTEWSKA
1%
2193 | 2194 ŁUCZNICZA
1%
2134 LUTOSŁAWSKIEGO
1%
2201 | 2202 ŁYSAKOWSKA
1%
2203 MACIERZANKI
1%
2229 | 2230 MAJERANKOWA
1%
2233 | 2234 MAKOLĄGWY
1%
2253 | 2254 MAŁCUŻYŃSKIEGO
1%
2261 | 2262 MAŁEJ ŁĄKI
1%
2251 | 2252 MALOWANA
1%
2281 | 2282 MARIAŃSKA
1%
2292 | 2293 MARSA-LAS
1%
2317 MASZYNOWA
1%
2493 | 2494 METRYCZNA
1%
2497 MICHALINKI
1%
2498 | 2499 MICHAŁÓW-REGINÓW
1%
2504 | 2505 MIELCZARSKIEGO
1%
2520 | 2521 MIGDAŁOWA
1%
2542 | 2543 MIRKOWSKA
1%
2544 | 2545 MIRKÓW-SZKOŁA
1%
2593 | 2594 MONTAŻOWA
1%
2627 | 2628 MOTYLKOWA
1%
2632 | 2633 MRĄGOWSKA
1%
2634 | 2635 | 2636 MROKÓW
1%
2662 | 2663 MYCIELSKIEGO
1%
2679 | 2680 NACZELNIKOWSKA
1%
2685 NADMA
1%
2690 | 2691 NALEWKI-MUZEUM
1%
2698 | 2699 NAPOLEONA BONAPARTE
1%
2700 NARCYZOWA
1%
2718 | 2719 NIEDZIAŁKOWSKIEGO
1%
2723 NIEPODLEGŁOŚCI
1%
2724 | 2725 NIEŚWIESKA
1%
2738 | 2739 NOAKOWSKIEGO
1%
2778 | 2779 NOWE SŁUPNO
1%
2821 | 2822 NOWY PODOLSZYN
1%
2823 NOWY REMBERTÓW
1%
2852 | 2853 OCHOCZA
1%
2860 | 2861 ODESKA
1%
2949 | 2950 OLCHY
1%
2985 | 2986 ORĘŻNA
1%
3028 OS.BELINA
1%
3031 | 3032 OS.BUKOWIEC
1%
3116 | 3117 OSIEDLE MIRKÓW
1%
3094 | 3095 OS.PRZYLESIE
1%
3129 OSP ZŁOTOKŁOS
1%
3138 | 3139 OŚRODEK AZS
1%
3140 | 3141 OŚRODEK CORA
1%
3142 | 3143 OŚRODEK LOK
1%
3111 | 3112 | 3113 OS.WYŻYNY
1%
3247 PAROLE
1%
3248 PAROLE-PĘTLA
1%
3255 | 3256 PASCHALISA-JAKUBOWICZA
1%
3275 | 3276 PEONII
1%
3278 | 3279 PERŁOWA
1%
3302 | 3303 PIASTA KOŁODZIEJA
1%
3316 | 3317 | 3318 | 3319 PIECHURÓW
1%
3322 | 3323 PIELĘGNIAREK
1%
3343 | 3344 PIUSA XI
1%
3361 PKP JANÓWEK
1%
3646 | 3647 PLANTOWA
1%
3648 | 3649 PLANTY
1%
3650 PLATANOWA
1%
3582 | 3583 PL.SPORTOWY
1%
3668 | 3669 PŁUŻAŃSKA
1%
3677 | 3678 POCISK
1%
3690 | 3691 PODBIPIĘTY
1%
3699 | 3700 PODKOWY
1%
3711 | 3712 PODOLSKA
1%
3713 PODOLSZYN
1%
3763 | 3764 | 3765 | 3766 POŁCZYŃSKA-PARKING P+R
1%
3866 PÓLKO
1%
3755 | 3756 POLNYCH KWIATÓW
1%
3757 | 3758 POLONEZA
1%
3769 | 3770 POMIECHOWSKA
1%
3771 | 3772 POMNIK KOLEI WĄSKOTOROWEJ
1%
3779 | 3780 POMOLOGICZNA
1%
3825 | 3826 POTOCKICH
1%
3855 | 3856 POZYTYWKI
1%
3873 | 3874 PRASOWA
1%
3879 | 3880 PREFABET
1%
3885 | 3886 PROMYKA
1%
3898 | 3899 PRZEBIEG
1%
3916 | 3917 PRZEŁĘCZY
1%
3918 PRZEMYSŁAWA
1%
3919 | 3920 PRZEMYSŁAWA II
1%
3925 | 3926 PRZEWORSKA
1%
3946 | 3947 PRZYLESIE
1%
3948 | 3949 PRZYLEŚNA
1%
3955 | 3956 PUCCINIEGO
1%
3959 | 3960 PUŁASKIEGO
1%
3998 | 3999 RAFII
1%
4013 | 4014 | 4015 | +3 others RAKOWIECKA-KOŚCIÓŁ
1%
4046 | 4047 REKRUCKA
1%
4074 | 4075 RKS ORZEŁ
1%
4086 | 4087 ROKOSOWSKA
1%
4116 | 4117 | 4118 | 4119 RONDO GRANZOWA
1%
4173 | 4174 | 4175 ROSY
1%
4191 | 4192 RÓW NATOLIŃSKI
1%
4176 ROZALIN
1%
4185 | 4186 ROZJAZD OBORSKI
1%
4198 | 4199 RUCZAJ
1%
4200 | 4201 RUDKA
1%
4213 | 4214 | 4215 RUSKOWY BRÓD
1%
4218 | 4219 RYBIE
1%
4226 | 4227 | 4228 RYCERSKA
1%
4295 | 4296 SANTOCKA
1%
4316 SĘCZKOWA
1%
4339 | 4340 SIELANKOWA
1%
4346 SIEMIEŃSKIEGO
1%
4354 | 4355 SIENNICKA
1%
4359 | 4360 SIERAKOWSKIEGO
1%
4389 SKRZYNECKIEGO
1%
4441 | 4442 SOLIDNA
1%
4502 | 4503 SPÓŁDZIELNIA
1%
4504 | 4505 | 4506 SPÓŁDZIELNIA NOMA
1%
4582 | 4583 STĘŻYCKA
1%
4584 | 4585 STOCER
1%
4586 | 4587 | 4588 | 4589 STOCZNIOWCÓW
1%
4594 | 4595 STOLBUD
1%
4599 | 4600 STREFA PRZEMYSŁOWA
1%
4604 | 4605 STRUGA-KOŚCIÓŁ
1%
4787 | 4788 ŚW.HIERONIMA
1%
4646 | 4647 SYPNIEWSKA
1%
4666 | 4667 SZCZAKI
1%
4728 | 4729 SZPITAL ONKOLOGICZNY
1%
4756 | 4757 SZYSZAKÓW
1%
4807 | 4808 TABITA
1%
4809 | 4810 TABOROWA
1%
4811 | 4812 TADŻYCKA
1%
4835 TARNINY
1%
4838 | 4839 TAŚMOWA
1%
4842 | 4843 TAWUŁKOWA
1%
4846 | 4847 TECHNIKÓW
1%
4862 | 4863 THOMME
1%
4874 | 4875 TOMASZOWSKA
1%
4903 TRAKT KRÓLEWSKI
1%
4923 | 4924 TROMBITY
1%
4935 | 4936 TUZINOWA
1%
4942 | 4943 TYMOTKI
1%
4944 TYSIĄCLECIA
1%
4949 | 4950 UŁANÓW JAZŁOWIECKICH
1%
4964 | 4965 UROCZA
1%
5014 | 5015 URZĄD STATYSTYCZNY
1%
5021 UTRATA-MAGAZYNY
1%
5022 UTRATA-SKŁAD
1%
5019 | 5020 UTRATA URZĄD CELNY
1%
5025 VIVALDIEGO
1%
5030 | 5031 VOGLA - MORYSIN
1%
5093 | 5094 WASILKOWSKA
1%
5130 | 5131 WETERANÓW
1%
5150 | 5151 WIĄZANA
1%
5159 | 5160 WIECHY
1%
5169 | 5170 WIELICKA
1%
5171 WIELISZEW
1%
5194 | 5195 WIKTORSKA
1%
5206 | 5207 WILANÓWKA
1%
5212 | 5213 | 5214 WILLOWA
1%
5217 WINOGRONOWA
1%
5237 | 5238 WITEBSKA
1%
5267 | 5268 WOJCIESZYN-ARiMR
1%
5273 | 5274 WOJSŁAWICKA
1%
5279 WOLA KRAKOWIAŃSKA
1%
5280 | 5281 | 5282 WOLA MROKOWSKA
1%
5297 | 5298 WOŁODYJOWSKIEGO
1%
5345 | 5346 WRZOSÓWKA-DWORSKA
1%
5378 | 5379 WYSPIAŃSKIEGO
1%
5394 | 5395 ZABŁUDOWSKA
1%
5422 | 5423 ZAGÓRZAŃSKA
1%
5448 | 5449 ZAKAMAREK
1%
5458 | 5459 ZALESINEK
1%
5460 | 5461 ZALEŚNA
1%
5486 | 5487 ZASADOWA
1%
5488 | 5489 ZASOBNA
1%
5497 | 5498 ZAWODOWA
1%
5505 ZBARASKA
1%
5511 | 5512 | 5513 | 5514 ZDZIARSKA
1%
5515 | 5516 ZDZIARSKA-KANAŁ
1%
5526 ZEGRZYŃSKA-IMGW
1%
5531 | 5532 | 5533 | 5534 ZGRUPOWANIA AK "KAMPINOS"
1%
5591 | 5592 ŻONKILOWA
1%
5557 | 5558 ZORZY
1%
239 BĄKÓWKA ŁADNA
0%
191 | 192 BANDURSKIEGO I
0%
193 | 194 BANDURSKIEGO II
0%
204 | 205 | 206 BARTOSZKA
0%
221 | 222 BATALIONU AK ,,BAŁYK"
0%
291 | 292 BIELAWA I
0%
293 | 294 BIELAWA-OSP
0%
295 BIELAWA-PĘTLA
0%
318 BŁĘDNA
0%
358 | 359 BOLESŁAWICKA
0%
374 | 375 BOROWIECKA
0%
376 | 377 BORÓWKOWA
0%
378 | 379 BORYNY
0%
487 | 488 CELULOZY
0%
506 | 507 CENTRUM OPTYKI
0%
566 | 567 CHODUBY
0%
591 CIEĆWIERZA
0%
611 CISZYCA
0%
612 | 613 CISZYCA II
0%
679 | 680 | 681 | +3 others CURTIS PLAZA
0%
688 | 689 CYGAŃSKA
0%
696 CYNKOWA
0%
697 CYPER CZERNIAKOWSKI
0%
704 CZAJKOWSKIEGO
0%
716 | 717 CZĄSTKÓW POLSKI CICHA
0%
739 | 740 CZOSNÓW-DUŃSKA
0%
765 DAWIDOWSKA
0%
785 | 786 | 787 | +3 others DH SMYK
0%
819 | 820 DOBRZYŃ-GRANICZNA
0%
821 | 822 DOBRZYŃ-POŁUDNIOWA
0%
823 | 824 DOBRZYŃ-PROSTA
0%
835 | 836 DOM ARTYSTÓW
0%
870 | 871 | 872 | +2 others DT WOLA
0%
958 DYGASIŃSKIEGO
0%
967 DZIAŁYŃCZYKÓW
0%
993 | 994 DZIĘCIOŁA
0%
982 | 983 DZIEKANÓWEK-POZIOMKOWA
0%
1001 | 1002 DZIKIEJ RÓŻY
0%
1063 FALENTY NOWE
0%
1064 FALENTY-OSIEDLE
0%
1065 | 1066 FALENTY-PAŁAC
0%
1105 GARBATKA
0%
1108 GASSY-PĘTLA
0%
1109 | 1110 | 1111 | 1112 GAWRONIA
0%
1149 GŁOSKÓW-ZIELONE
0%
1157 | 1158 GMINNEJ RADY NARODOWEJ
0%
1204 | 1205 GOSZCZYŃSKIEGO
0%
1225 | 1226 GRAND HOTEL
0%
1243 | 1244 GRAWERSKA
0%
1255 GRODZIEŃSKA
0%
1261 GROMADZKA
0%
1272 GRUSZCZYŃSKIEGO
0%
1365 | 1366 HOOVERA
0%
1371 | 1372 HORTENSJI
0%
1373 | 1374 HOSERÓW
0%
1389 | 1390 HUSARSKA
0%
1403 IMUZ
0%
1415 | 1416 INSTRUKTORSKA
0%
1434 INSTYTUT SZKŁA
0%
1446 | 1447 IWASZKIEWICZA
0%
1462 | 1463 JADŚWINGÓW
0%
1470 | 1471 JANCZEWICE
0%
1498 JAWORÓWKA
0%
1510 | 1511 JESÓWKA
0%
1516 | 1517 JEZIOROWA
0%
1535 | 1536 JULIOT-CURIE
0%
1537 | 1538 | 1539 | 1540 JURAJSKA
0%
1547 KACZEŃCÓW
0%
1563 KAKAOWA
0%
1572 | 1573 KAŁUSZYN
0%
1574 | 1575 KAMERALNA
0%
1583 | 1584 KAMPINOSKI PN PALMIRY-MUZEUM
0%
1627 | 1628 KĄPIELOWA
0%
1602 | 1603 KARŁOWICZA
0%
1604 | 1605 KARMIŃSKIEGO
0%
1614 | 1615 KARTEZJUSZA
0%
1635 | 1636 KĘPA OBORSKA I
0%
1637 | 1638 KĘPA OBORSKA II
0%
1705 | 1706 KLIMATYCZNA
0%
1748 | 1749 KOLIBRA
0%
1773 | 1774 KOŁOBRZESKA
0%
1755 | 1756 KOLONIA MAKÓWKO
0%
1757 | 1758 KOLONIA SKRZESZEW
0%
1781 | 1782 KOMETY
0%
1797 | 1798 KONDRACKA
0%
1824 | 1825 KORALOWYCH DĘBÓW
0%
1882 | 1883 KOŚCIUSZKI-SZKOŁA
0%
1893 | 1894 KRAJEWSKIEGO
0%
1935 | 1936 KRUBIN
0%
1956 KS.CHROŚCICKIEGO
0%
1979 | 1980 KSIĄŻĄT MAZOWIECKICH
0%
1973 | 1974 KS.SŁOJEWSKIEGO
0%
1994 | 1995 KULESZÓWKA
0%
2006 | 2007 | 2008 | 2009 KWIATÓW POLNYCH
0%
2140 | 2141 ŁADY
0%
2142 | 2143 ŁADY-SZKOŁA
0%
2028 | 2029 | 2030 LANGIEWICZA
0%
2146 | 2147 ŁANOWA
0%
2036 | 2037 LATOSZKI
0%
2157 | 2158 ŁAZY-SZKOŁA
0%
2062 LESZKA BIAŁEGO
0%
2080 | 2081 LEWANDÓW
0%
2097 | 2098 LIPKÓW-MUZEUM
0%
2116 | 2117 LOKALNA
0%
2173 ŁOMNA FIRMOWA
0%
2189 | 2190 ŁOZISKA
0%
2222 | 2223 MAGNOLII
0%
2239 | 2240 MALCERA
0%
2259 | 2260 MAŁEJ BRZOZY
0%
2263 | 2264 MAŁOCICE-SZKOŁA
0%
2279 | 2280 MARCINKI
0%
2288 | 2289 MARKOWSKIEGO
0%
2536 MILENIUM
0%
2681 | 2682 NAD ŚWIDREM
0%
2716 | 2717 NAWŁOCKA
0%
2761 | 2762 NOWA WOLA
0%
2783 NOWE ZAŁUBICE
0%
2837 | 2838 OBÓRKI
0%
2839 | 2840 OBÓRKI-WAŁ
0%
2847 OBYWATELSKA
0%
2882 | 2883 OGRODY BIELAWY
0%
2931 | 2932 OKÓLNA
0%
2935 | 2936 OKRĘCIE BUSINESS PARK
0%
2944 | 2945 OKRZEWSKA I
0%
2957 | 2958 OLSZYNOWA
0%
2965 | 2966 OPACZ-SZKOŁA
0%
3026 | 3027 OS.BATOREGO
0%
3053 OS.HARCERSKA
0%
3056 | 3057 | 3058 OS.JAGIELLOŃSKA
0%
3067 | 3068 OS.KWIATOWA
0%
3081 OS.NIEPODLEGŁOŚCI
0%
3016 | 3017 OS. OLCHOWY PARK
0%
3088 | 3089 OS.PIASKI
0%
3152 | 3153 OW PROMENADA
0%
3175 | 3176 PALMIRY KUSOCIŃSKIEGO
0%
3191 | 3192 PAPIERNIA
0%
3194 PARCELACYJNA 0
0%
3207 PARK KĘPA POTOCKA
0%
3245 | 3246 PARLAMENTARNA
0%
3257 | 3258 PASŁĘCKA
0%
3260 | 3261 | 3262 | +2 others PASZKOWSKIEGO
0%
3320 | 3321 PIECZARKARNIA
0%
3644 | 3645 PLANETOWA
0%
3651 PLAŻA SASKA KĘPA
0%
3548 PL.JANA PAWŁA II
0%
3559 PL.KOŚCIUSZKI
0%
3579 PL.PONIATOWSKIEGO
0%
3683 POD GŁOSKÓW
0%
3722 PODZAMCZE FONTANNY
0%
3739 | 3740 POLKOLOR
0%
3796 | 3797 POPRAWNA
0%
3803 | 3804 PORT NIEPORĘT
0%
3805 | 3806 PORT PILAWA
0%
3839 | 3840 POWOJOWA
0%
3845 POWSTAŃCOW-PARK
0%
3900 | 3901 PRZEBIŚNIEGÓW
0%
3902 | 3903 PRZEBUDZENIA WIOSNY
0%
3904 | 3905 PRZEDPEŁSKIEGO
0%
3950 PRZYSTAŃ MŁOCINY
0%
3951 PRZYSTAŃ NOWODWORY
0%
3952 | 3953 PRZYTYK
0%
3966 | 3967 PUSZKINA
0%
4002 | 4003 RAGINSA
0%
4072 | 4073 RĘCZAJSKA
0%
4053 | 4054 | 4055 REMBERTÓW-AON
0%
4076 ROBERCIN
0%
4081 ROGATKOWA
0%
4094 | 4095 ROLNA-LAS
0%
4126 | 4127 RONDO PONIATOWSKIEGO
0%
4168 | 4169 ROSNOWSKIEGO
0%
4196 | 4197 RUBINOWA
0%
4209 RUNÓW OSADA
0%
4210 RUNÓW OSADA II
0%
4208 RUNOWSKA
0%
4217 RYBAŁTÓW 0
0%
4229 | 4230 RYCHNOWSKA
0%
4231 | 4232 RYCICE
0%
4265 | 4266 SADOWA-DOM OPIEKI
0%
4261 | 4262 SADOWA KOLEJOWA
0%
4263 | 4264 SADOWA STRZELECKA
0%
4297 | 4298 SARABANDY
0%
4304 SASINA
0%
4330 | 4331 SIEDLISKOWA
0%
4369 | 4370 SIWEK
0%
4390 SŁAWEK
0%
4393 SŁONECZNA 0
0%
4769 | 4770 ŚNIADECKICH
0%
4454 | 4455 SOWA WOLA-SZKOŁA
0%
4456 | 4457 SOWIA WOLA KAMPINOSKA
0%
4460 | 4461 SOWIA WOLA-POLNYCH KWIATÓW
0%
4462 | 4463 SOWIA WOLA-SPACEROWA
0%
4464 | 4465 SOWIA WOLA-STOKROTKI
0%
4507 | 4508 SREBRNYCH ŚWIERKÓW
0%
4611 STRUŻAŃSKA
0%
4627 | 4628 SUPON
0%
4636 | 4637 SWORZNIOWA
0%
4648 SYRENY
0%
4868 | 4869 TOLAK
0%
4933 | 4934 TURÓW
0%
5032 | 5033 VOGLA-CMENTARZ
0%
5047 | 5048 WALEWSKIEJ
0%
5112 | 5113 WĄSKA
0%
5116 | 5117 | 5118 | 5119 WCZASOWA
0%
5120 | 5121 WDW RYNIA
0%
5122 WENECKA
0%
5123 | 5124 WENUS
0%
5152 WICHROWA
0%
5168 WIEKOWEJ SOSNY
0%
5172 WIELISZEW-PLAŻA
0%
5192 | 5193 WIESIOŁKA
0%
5208 | 5209 WILCZA GÓRA
0%
5248 | 5249 | 5250 WŁADYSŁAWÓW
0%
5261 | 5262 WODOCIĄG PŁN.
0%
5380 | 5381 WYSZKOWSKA
0%
5393 XXI WIEKU
0%
5407 | 5408 ZABRANIECKA-TECHMAZBYT
0%
5409 | 5410 | 5411 ZABRANIECKA-WZT
0%
5462 | 5463 ZAŁUBICE-POCZTA
0%
5464 | 5465 ZAŁUBICE-SZKOŁA
0%
5478 | 5479 ZAPŁOCIE
0%
5529 | 5530 ZGORZAŁA
0%
Nie znaleziono quizów pasujących do podanych kryteriów
Rozkład punktacji
Procent ludzi z każdym wynikiem
Percentyl według liczby udzielonych odpowiedzi
Twoja historia wyników
Nie rozwiązałeś tego quizu od ostatniego zresetowania